<?xml version="1.0" encoding="UTF-8"?>
<record
    xmlns:xsi="http://www.w3.org/2001/XMLSchema-instance"
    xsi:schemaLocation="http://www.loc.gov/MARC21/slim http://www.loc.gov/standards/marcxml/schema/MARC21slim.xsd"
    xmlns="http://www.loc.gov/MARC21/slim">

  <leader>01491nas a2200241 454500</leader>
  <controlfield tag="001">15652</controlfield>
  <controlfield tag="005">20260407193505.0</controlfield>
  <controlfield tag="008">260407s1969####ag###########|||spa#d</controlfield>
  <controlfield tag="003">AR-UNSa-BCEJYS</controlfield>
  <datafield tag="040" ind1=" " ind2=" ">
    <subfield code="a">AR-UNSa-BCEJYS</subfield>
    <subfield code="b">spa</subfield>
    <subfield code="c">AR-UNSa-BCEJYS</subfield>
  </datafield>
  <datafield tag="080" ind1=" " ind2=" ">
    <subfield code="a">330</subfield>
    <subfield code="x">Econom&#xED;a en general</subfield>
  </datafield>
  <datafield tag="245" ind1="1" ind2="0">
    <subfield code="a">Finanzas y desarrollo</subfield>
  </datafield>
  <datafield tag="022" ind1=" " ind2=" ">
    <subfield code="a">0250-7447</subfield>
  </datafield>
  <datafield tag="264" ind1=" " ind2="1">
    <subfield code="a">Washington :</subfield>
    <subfield code="b">Fondo Monetario Internacional</subfield>
    <subfield code="c">1969</subfield>
  </datafield>
  <datafield tag="310" ind1=" " ind2=" ">
    <subfield code="a">Frecuencia: Trimestral
Cambia de Director a partir del Vol. 13, N&#xBA; 2 por Ian Bowen
Cambia de Director a partir del Vol. 14, N&#xBA; 2 por Samuel I. Katz
Cambia de Director a partir del Vol. 19, N&#xBA; 2 por  Bahram Nowzad
Cambia de Director a partir del Vol. 26, N&#xBA; 2 por Shuja Nawaz
Cambia de Director a partir del Vol. 29, N&#xBA; 3 por Pamela Bradley
Cambia de Director a partir del Vol. 30, N&#xBA; 1 por Pamela Wallace
Cambia de Director a partir del Vol. 30, N&#xBA; 4 por Laura Wallace
Cambia de Director a partir del Vol. 31, N&#xBA; 1 por Claire Liuksila
Cambia de Director a partir del Vol. 35, N&#xBA; 1 por Ian S. McDonald
Cambia de Director a partir del Vol. 39, N&#xBA; 1 por Laura Wallace
Cambia de Director a partir del Vol. 55, N&#xBA; 2 por Camilla Lund Andersen</subfield>
  </datafield>
  <datafield tag="942" ind1=" " ind2=" ">
    <subfield code="c">SER</subfield>
  </datafield>
  <datafield tag="590" ind1=" " ind2=" ">
    <subfield code="a">niveau_biblio:s niveau_hierar:1</subfield>
  </datafield>
  <datafield tag="100" ind1="1" ind2=" ">
    <subfield code="a">Scott, J.D.</subfield>
  </datafield>
  <datafield tag="650" ind1=" " ind2=" ">
    <subfield code="a">Desarrollo econ&#xF3;mico y social</subfield>
  </datafield>
  <datafield tag="650" ind1=" " ind2=" ">
    <subfield code="a">Finanzas</subfield>
  </datafield>
  <datafield tag="650" ind1=" " ind2=" ">
    <subfield code="a">ECONOMIA</subfield>
  </datafield>
  <datafield tag="856" ind1="4" ind2="1">
    <subfield code="u">https://biblioeco.unsa.edu.ar/pmb/images/revistas/Finanzas y Desarrollo.jpg</subfield>
    <subfield code="y">Imagen de portada</subfield>
    <subfield code="q">image/jpeg</subfield>
  </datafield>
  <datafield tag="999" ind1=" " ind2=" ">
    <subfield code="c">8478</subfield>
    <subfield code="d">8478</subfield>
  </datafield>
  <datafield tag="952" ind1=" " ind2=" ">
    <subfield code="0">0</subfield>
    <subfield code="1">0</subfield>
    <subfield code="4">0</subfield>
    <subfield code="7">0</subfield>
    <subfield code="a">BCEJYS</subfield>
    <subfield code="b">BCEJYS</subfield>
    <subfield code="c">17</subfield>
    <subfield code="d">2018-06-01</subfield>
    <subfield code="h">Vol. 55, N&#xBA; 2 - jun. 2018</subfield>
    <subfield code="l">0</subfield>
    <subfield code="o">H330 FIN v55.n2</subfield>
    <subfield code="p">R22067</subfield>
    <subfield code="r">2026-04-10 16:07:40</subfield>
    <subfield code="w">2026-04-10</subfield>
    <subfield code="y">RN</subfield>
  </datafield>
  <datafield tag="952" ind1=" " ind2=" ">
    <subfield code="0">0</subfield>
    <subfield code="1">0</subfield>
    <subfield code="4">0</subfield>
    <subfield code="7">0</subfield>
    <subfield code="a">BCEJYS</subfield>
    <subfield code="b">BCEJYS</subfield>
    <subfield code="c">17</subfield>
    <subfield code="d">2008-03-01</subfield>
    <subfield code="h">Vol. 45,N&#xBA; 1 - mar. 2008</subfield>
    <subfield code="l">0</subfield>
    <subfield code="o">H330 FIN v45.n1</subfield>
    <subfield code="p">R21634</subfield>
    <subfield code="r">2026-04-10 16:07:40</subfield>
    <subfield code="w">2026-04-10</subfield>
    <subfield code="y">RN</subfield>
  </datafield>
  <datafield tag="952" ind1=" " ind2=" ">
    <subfield code="0">0</subfield>
    <subfield code="1">0</subfield>
    <subfield code="4">0</subfield>
    <subfield code="7">0</subfield>
    <subfield code="a">BCEJYS</subfield>
    <subfield code="b">BCEJYS</subfield>
    <subfield code="c">13</subfield>
    <subfield code="d">2007-12-01</subfield>
    <subfield code="h">Vol. 44, N&#xBA; 4 - dic. 2007</subfield>
    <subfield code="l">0</subfield>
    <subfield code="o">H330 FIN v44.n4</subfield>
    <subfield code="p">R21031</subfield>
    <subfield code="r">2026-04-10 16:07:40</subfield>
    <subfield code="w">2026-04-10</subfield>
    <subfield code="y">RN</subfield>
  </datafield>
  <datafield tag="952" ind1=" " ind2=" ">
    <subfield code="0">0</subfield>
    <subfield code="1">0</subfield>
    <subfield code="4">0</subfield>
    <subfield code="7">0</subfield>
    <subfield code="a">BCEJYS</subfield>
    <subfield code="b">BCEJYS</subfield>
    <subfield code="c">13</subfield>
    <subfield code="d">2007-06-01</subfield>
    <subfield code="h">Vol. 44, N&#xBA; 2 - jun. 2007</subfield>
    <subfield code="l">0</subfield>
    <subfield code="o">H330 FIN v44.n2</subfield>
    <subfield code="p">R21030</subfield>
    <subfield code="r">2026-04-10 16:07:40</subfield>
    <subfield code="w">2026-04-10</subfield>
    <subfield code="y">RN</subfield>
  </datafield>
  <datafield tag="952" ind1=" " ind2=" ">
    <subfield code="0">0</subfield>
    <subfield code="1">0</subfield>
    <subfield code="4">0</subfield>
    <subfield code="7">0</subfield>
    <subfield code="a">BCEJYS</subfield>
    <subfield code="b">BCEJYS</subfield>
    <subfield code="c">13</subfield>
    <subfield code="d">2007-03-01</subfield>
    <subfield code="h">Vol. 44, N&#xBA; 1 - mar. 2007</subfield>
    <subfield code="l">0</subfield>
    <subfield code="o">H330 FIN v44.n1</subfield>
    <subfield code="p">R21029</subfield>
    <subfield code="r">2026-04-10 16:07:40</subfield>
    <subfield code="w">2026-04-10</subfield>
    <subfield code="y">RN</subfield>
  </datafield>
  <datafield tag="952" ind1=" " ind2=" ">
    <subfield code="0">0</subfield>
    <subfield code="1">0</subfield>
    <subfield code="4">0</subfield>
    <subfield code="7">0</subfield>
    <subfield code="a">BCEJYS</subfield>
    <subfield code="b">BCEJYS</subfield>
    <subfield code="c">13</subfield>
    <subfield code="d">2006-12-01</subfield>
    <subfield code="h">Vol. 43, N&#xBA; 4 - dic. 2006</subfield>
    <subfield code="l">0</subfield>
    <subfield code="o">H330 FIN v43.n4</subfield>
    <subfield code="p">R21057</subfield>
    <subfield code="r">2026-04-10 16:07:40</subfield>
    <subfield code="w">2026-04-10</subfield>
    <subfield code="y">RN</subfield>
  </datafield>
  <datafield tag="952" ind1=" " ind2=" ">
    <subfield code="0">0</subfield>
    <subfield code="1">0</subfield>
    <subfield code="4">0</subfield>
    <subfield code="7">0</subfield>
    <subfield code="a">BCEJYS</subfield>
    <subfield code="b">BCEJYS</subfield>
    <subfield code="c">13</subfield>
    <subfield code="d">2006-09-01</subfield>
    <subfield code="h">Vol. 43, N&#xBA; 3 - sep. 2006</subfield>
    <subfield code="l">0</subfield>
    <subfield code="o">H330 FIN v43.n3</subfield>
    <subfield code="p">R21028</subfield>
    <subfield code="r">2026-04-10 16:07:40</subfield>
    <subfield code="w">2026-04-10</subfield>
    <subfield code="y">RN</subfield>
  </datafield>
  <datafield tag="952" ind1=" " ind2=" ">
    <subfield code="0">0</subfield>
    <subfield code="1">0</subfield>
    <subfield code="4">0</subfield>
    <subfield code="7">0</subfield>
    <subfield code="a">BCEJYS</subfield>
    <subfield code="b">BCEJYS</subfield>
    <subfield code="c">13</subfield>
    <subfield code="d">2006-06-01</subfield>
    <subfield code="h">Vol. 43, N&#xBA; 2 - jun. 2006</subfield>
    <subfield code="l">0</subfield>
    <subfield code="o">H330 FIN v43.n2</subfield>
    <subfield code="p">R21027</subfield>
    <subfield code="r">2026-04-10 16:07:40</subfield>
    <subfield code="w">2026-04-10</subfield>
    <subfield code="y">RN</subfield>
  </datafield>
  <datafield tag="952" ind1=" " ind2=" ">
    <subfield code="0">0</subfield>
    <subfield code="1">0</subfield>
    <subfield code="4">0</subfield>
    <subfield code="7">0</subfield>
    <subfield code="a">BCEJYS</subfield>
    <subfield code="b">BCEJYS</subfield>
    <subfield code="c">13</subfield>
    <subfield code="d">2006-03-01</subfield>
    <subfield code="h">Vol. 43, N&#xBA; 1 - mar. 2006</subfield>
    <subfield code="l">0</subfield>
    <subfield code="o">H330 FIN v43.n1</subfield>
    <subfield code="p">R21026</subfield>
    <subfield code="r">2026-04-10 16:07:40</subfield>
    <subfield code="w">2026-04-10</subfield>
    <subfield code="y">RN</subfield>
  </datafield>
  <datafield tag="952" ind1=" " ind2=" ">
    <subfield code="0">0</subfield>
    <subfield code="1">0</subfield>
    <subfield code="4">0</subfield>
    <subfield code="7">0</subfield>
    <subfield code="a">BCEJYS</subfield>
    <subfield code="b">BCEJYS</subfield>
    <subfield code="c">13</subfield>
    <subfield code="d">2005-12-01</subfield>
    <subfield code="h">Vol. 42, N&#xBA; 4 - dic. 2005</subfield>
    <subfield code="l">0</subfield>
    <subfield code="o">H330 FIN v42.n4</subfield>
    <subfield code="p">R21025</subfield>
    <subfield code="r">2026-04-10 16:07:40</subfield>
    <subfield code="w">2026-04-10</subfield>
    <subfield code="y">RN</subfield>
  </datafield>
  <datafield tag="952" ind1=" " ind2=" ">
    <subfield code="0">0</subfield>
    <subfield code="1">0</subfield>
    <subfield code="4">0</subfield>
    <subfield code="7">0</subfield>
    <subfield code="a">BCEJYS</subfield>
    <subfield code="b">BCEJYS</subfield>
    <subfield code="c">13</subfield>
    <subfield code="d">2005-09-01</subfield>
    <subfield code="h">Vol. 42, N&#xBA; 3 - sep. 2005</subfield>
    <subfield code="l">0</subfield>
    <subfield code="o">H330 FIN v42.n3</subfield>
    <subfield code="p">R21024</subfield>
    <subfield code="r">2026-04-10 16:07:40</subfield>
    <subfield code="w">2026-04-10</subfield>
    <subfield code="y">RN</subfield>
  </datafield>
  <datafield tag="952" ind1=" " ind2=" ">
    <subfield code="0">0</subfield>
    <subfield code="1">0</subfield>
    <subfield code="4">0</subfield>
    <subfield code="7">0</subfield>
    <subfield code="a">BCEJYS</subfield>
    <subfield code="b">BCEJYS</subfield>
    <subfield code="c">13</subfield>
    <subfield code="d">2005-06-01</subfield>
    <subfield code="h">Vol. 42, N&#xBA; 2 - jun. 2005</subfield>
    <subfield code="l">0</subfield>
    <subfield code="o">H330 FIN v42.n2</subfield>
    <subfield code="p">R21023</subfield>
    <subfield code="r">2026-04-10 16:07:40</subfield>
    <subfield code="w">2026-04-10</subfield>
    <subfield code="y">RN</subfield>
  </datafield>
  <datafield tag="952" ind1=" " ind2=" ">
    <subfield code="0">0</subfield>
    <subfield code="1">0</subfield>
    <subfield code="4">0</subfield>
    <subfield code="7">0</subfield>
    <subfield code="a">BCEJYS</subfield>
    <subfield code="b">BCEJYS</subfield>
    <subfield code="c">13</subfield>
    <subfield code="d">2005-03-01</subfield>
    <subfield code="h">Vol. 42, N&#xBA; 1 - mar. 2005</subfield>
    <subfield code="l">0</subfield>
    <subfield code="o">H330 FIN v42.n1</subfield>
    <subfield code="p">R21022</subfield>
    <subfield code="r">2026-04-10 16:07:40</subfield>
    <subfield code="w">2026-04-10</subfield>
    <subfield code="y">RN</subfield>
  </datafield>
  <datafield tag="952" ind1=" " ind2=" ">
    <subfield code="0">0</subfield>
    <subfield code="1">0</subfield>
    <subfield code="4">0</subfield>
    <subfield code="7">0</subfield>
    <subfield code="a">BCEJYS</subfield>
    <subfield code="b">BCEJYS</subfield>
    <subfield code="c">13</subfield>
    <subfield code="d">2004-12-01</subfield>
    <subfield code="h">Vol. 41, N&#xBA; 4 - dic. 2004</subfield>
    <subfield code="l">0</subfield>
    <subfield code="o">H330 FIN v41.n4</subfield>
    <subfield code="p">R21021</subfield>
    <subfield code="r">2026-04-10 16:07:40</subfield>
    <subfield code="w">2026-04-10</subfield>
    <subfield code="y">RN</subfield>
  </datafield>
  <datafield tag="952" ind1=" " ind2=" ">
    <subfield code="0">0</subfield>
    <subfield code="1">0</subfield>
    <subfield code="4">0</subfield>
    <subfield code="7">0</subfield>
    <subfield code="a">BCEJYS</subfield>
    <subfield code="b">BCEJYS</subfield>
    <subfield code="c">13</subfield>
    <subfield code="d">2004-09-01</subfield>
    <subfield code="h">Vol. 41, N&#xBA; 3 - sep. 2004</subfield>
    <subfield code="l">0</subfield>
    <subfield code="o">H330 FIN v41.n3</subfield>
    <subfield code="p">R21020</subfield>
    <subfield code="r">2026-04-10 16:07:40</subfield>
    <subfield code="w">2026-04-10</subfield>
    <subfield code="y">RN</subfield>
  </datafield>
  <datafield tag="952" ind1=" " ind2=" ">
    <subfield code="0">0</subfield>
    <subfield code="1">0</subfield>
    <subfield code="4">0</subfield>
    <subfield code="7">0</subfield>
    <subfield code="a">BCEJYS</subfield>
    <subfield code="b">BCEJYS</subfield>
    <subfield code="c">13</subfield>
    <subfield code="d">2004-06-01</subfield>
    <subfield code="h">Vol. 41, N&#xBA; 2 - jun. 2004</subfield>
    <subfield code="l">0</subfield>
    <subfield code="o">H330 FIN v41.n2</subfield>
    <subfield code="p">R21019</subfield>
    <subfield code="r">2026-04-10 16:07:40</subfield>
    <subfield code="w">2026-04-10</subfield>
    <subfield code="y">RN</subfield>
  </datafield>
  <datafield tag="952" ind1=" " ind2=" ">
    <subfield code="0">0</subfield>
    <subfield code="1">0</subfield>
    <subfield code="4">0</subfield>
    <subfield code="7">0</subfield>
    <subfield code="a">BCEJYS</subfield>
    <subfield code="b">BCEJYS</subfield>
    <subfield code="c">13</subfield>
    <subfield code="d">2004-03-01</subfield>
    <subfield code="h">Vol. 41, N&#xBA; 1 - mar. 2004</subfield>
    <subfield code="l">0</subfield>
    <subfield code="o">H330 FIN v41.n1</subfield>
    <subfield code="p">R21018</subfield>
    <subfield code="r">2026-04-10 16:07:40</subfield>
    <subfield code="w">2026-04-10</subfield>
    <subfield code="y">RN</subfield>
  </datafield>
  <datafield tag="952" ind1=" " ind2=" ">
    <subfield code="0">0</subfield>
    <subfield code="1">0</subfield>
    <subfield code="4">0</subfield>
    <subfield code="7">0</subfield>
    <subfield code="a">BCEJYS</subfield>
    <subfield code="b">BCEJYS</subfield>
    <subfield code="c">13</subfield>
    <subfield code="d">2003-12-01</subfield>
    <subfield code="h">Vol. 40, N&#xBA; 4 - dic. 2003</subfield>
    <subfield code="l">0</subfield>
    <subfield code="o">H330 FIN v40.n4</subfield>
    <subfield code="p">R21017</subfield>
    <subfield code="r">2026-04-10 16:07:40</subfield>
    <subfield code="w">2026-04-10</subfield>
    <subfield code="y">RN</subfield>
  </datafield>
  <datafield tag="952" ind1=" " ind2=" ">
    <subfield code="0">0</subfield>
    <subfield code="1">0</subfield>
    <subfield code="4">0</subfield>
    <subfield code="7">0</subfield>
    <subfield code="a">BCEJYS</subfield>
    <subfield code="b">BCEJYS</subfield>
    <subfield code="c">13</subfield>
    <subfield code="d">2003-09-01</subfield>
    <subfield code="h">Vol. 40, N&#xBA; 3 - sep. 2003</subfield>
    <subfield code="l">0</subfield>
    <subfield code="o">H330 FIN v40.n3</subfield>
    <subfield code="p">R21016</subfield>
    <subfield code="r">2026-04-10 16:07:40</subfield>
    <subfield code="w">2026-04-10</subfield>
    <subfield code="y">RN</subfield>
  </datafield>
  <datafield tag="952" ind1=" " ind2=" ">
    <subfield code="0">0</subfield>
    <subfield code="1">0</subfield>
    <subfield code="4">0</subfield>
    <subfield code="7">0</subfield>
    <subfield code="a">BCEJYS</subfield>
    <subfield code="b">BCEJYS</subfield>
    <subfield code="c">13</subfield>
    <subfield code="d">2003-06-01</subfield>
    <subfield code="h">Vol. 40, N&#xBA; 2 - jun. 2003</subfield>
    <subfield code="l">0</subfield>
    <subfield code="o">H330 FIN v40.n2</subfield>
    <subfield code="p">R21015</subfield>
    <subfield code="r">2026-04-10 16:07:40</subfield>
    <subfield code="w">2026-04-10</subfield>
    <subfield code="y">RN</subfield>
  </datafield>
  <datafield tag="952" ind1=" " ind2=" ">
    <subfield code="0">0</subfield>
    <subfield code="1">0</subfield>
    <subfield code="4">0</subfield>
    <subfield code="7">0</subfield>
    <subfield code="a">BCEJYS</subfield>
    <subfield code="b">BCEJYS</subfield>
    <subfield code="c">13</subfield>
    <subfield code="d">2003-03-01</subfield>
    <subfield code="h">Vol. 40, N&#xBA; 1 - mar. 2003</subfield>
    <subfield code="l">0</subfield>
    <subfield code="o">H330 FIN v40.n1</subfield>
    <subfield code="p">R21014</subfield>
    <subfield code="r">2026-04-10 16:07:40</subfield>
    <subfield code="w">2026-04-10</subfield>
    <subfield code="y">RN</subfield>
  </datafield>
  <datafield tag="952" ind1=" " ind2=" ">
    <subfield code="0">0</subfield>
    <subfield code="1">0</subfield>
    <subfield code="4">0</subfield>
    <subfield code="7">0</subfield>
    <subfield code="a">BCEJYS</subfield>
    <subfield code="b">BCEJYS</subfield>
    <subfield code="c">13</subfield>
    <subfield code="d">2002-12-01</subfield>
    <subfield code="h">Vol. 39, N&#xBA; 4 - dic. 2002</subfield>
    <subfield code="l">0</subfield>
    <subfield code="o">H330 FIN v39.n4</subfield>
    <subfield code="p">R21013</subfield>
    <subfield code="r">2026-04-10 16:07:40</subfield>
    <subfield code="w">2026-04-10</subfield>
    <subfield code="y">RN</subfield>
  </datafield>
  <datafield tag="952" ind1=" " ind2=" ">
    <subfield code="0">0</subfield>
    <subfield code="1">0</subfield>
    <subfield code="4">0</subfield>
    <subfield code="7">0</subfield>
    <subfield code="a">BCEJYS</subfield>
    <subfield code="b">BCEJYS</subfield>
    <subfield code="c">13</subfield>
    <subfield code="d">2002-09-01</subfield>
    <subfield code="h">Vol. 39, N&#xBA; 3 - sep. 2002</subfield>
    <subfield code="l">0</subfield>
    <subfield code="o">H330 FIN v39.n3</subfield>
    <subfield code="p">R21012</subfield>
    <subfield code="r">2026-04-10 16:07:40</subfield>
    <subfield code="w">2026-04-10</subfield>
    <subfield code="y">RN</subfield>
  </datafield>
  <datafield tag="952" ind1=" " ind2=" ">
    <subfield code="0">0</subfield>
    <subfield code="1">0</subfield>
    <subfield code="4">0</subfield>
    <subfield code="7">0</subfield>
    <subfield code="a">BCEJYS</subfield>
    <subfield code="b">BCEJYS</subfield>
    <subfield code="c">17</subfield>
    <subfield code="d">2002-06-01</subfield>
    <subfield code="h">Vol. 39, N&#xBA; 2 - jun. 2002</subfield>
    <subfield code="l">0</subfield>
    <subfield code="o">H330 FIN v39.n2</subfield>
    <subfield code="p">R07983</subfield>
    <subfield code="r">2026-04-10 16:07:40</subfield>
    <subfield code="w">2026-04-10</subfield>
    <subfield code="y">RN</subfield>
  </datafield>
  <datafield tag="952" ind1=" " ind2=" ">
    <subfield code="0">0</subfield>
    <subfield code="1">0</subfield>
    <subfield code="4">0</subfield>
    <subfield code="7">0</subfield>
    <subfield code="a">BCEJYS</subfield>
    <subfield code="b">BCEJYS</subfield>
    <subfield code="c">13</subfield>
    <subfield code="d">2002-03-01</subfield>
    <subfield code="h">Vol. 39, N&#xBA; 1 - mar. 2002</subfield>
    <subfield code="l">0</subfield>
    <subfield code="o">H330 FIN v39.n1</subfield>
    <subfield code="p">R21010</subfield>
    <subfield code="r">2026-04-10 16:07:40</subfield>
    <subfield code="w">2026-04-10</subfield>
    <subfield code="y">RN</subfield>
  </datafield>
  <datafield tag="952" ind1=" " ind2=" ">
    <subfield code="0">0</subfield>
    <subfield code="1">0</subfield>
    <subfield code="4">0</subfield>
    <subfield code="7">0</subfield>
    <subfield code="a">BCEJYS</subfield>
    <subfield code="b">BCEJYS</subfield>
    <subfield code="c">13</subfield>
    <subfield code="d">2001-12-01</subfield>
    <subfield code="h">Vol. 38, N&#xBA; 4 - dic. 2001</subfield>
    <subfield code="l">0</subfield>
    <subfield code="o">H330 FIN v38.n4</subfield>
    <subfield code="p">R21009</subfield>
    <subfield code="r">2026-04-10 16:07:40</subfield>
    <subfield code="w">2026-04-10</subfield>
    <subfield code="y">RN</subfield>
  </datafield>
  <datafield tag="952" ind1=" " ind2=" ">
    <subfield code="0">0</subfield>
    <subfield code="1">0</subfield>
    <subfield code="4">0</subfield>
    <subfield code="7">0</subfield>
    <subfield code="a">BCEJYS</subfield>
    <subfield code="b">BCEJYS</subfield>
    <subfield code="c">17</subfield>
    <subfield code="d">2001-09-01</subfield>
    <subfield code="h">Vol. 38, N&#xBA; 3 - sep. 2001</subfield>
    <subfield code="l">0</subfield>
    <subfield code="o">H330 FIN v38.n3</subfield>
    <subfield code="p">R07982</subfield>
    <subfield code="r">2026-04-10 16:07:40</subfield>
    <subfield code="w">2026-04-10</subfield>
    <subfield code="y">RN</subfield>
  </datafield>
  <datafield tag="952" ind1=" " ind2=" ">
    <subfield code="0">0</subfield>
    <subfield code="1">0</subfield>
    <subfield code="4">0</subfield>
    <subfield code="7">0</subfield>
    <subfield code="a">BCEJYS</subfield>
    <subfield code="b">BCEJYS</subfield>
    <subfield code="c">13</subfield>
    <subfield code="d">2001-06-01</subfield>
    <subfield code="h">Vol. 38, N&#xBA; 2 - jun. 2001</subfield>
    <subfield code="l">0</subfield>
    <subfield code="o">H330 FIN v38.n2</subfield>
    <subfield code="p">R21008</subfield>
    <subfield code="r">2026-04-10 16:07:40</subfield>
    <subfield code="w">2026-04-10</subfield>
    <subfield code="y">RN</subfield>
  </datafield>
  <datafield tag="952" ind1=" " ind2=" ">
    <subfield code="0">0</subfield>
    <subfield code="1">0</subfield>
    <subfield code="4">0</subfield>
    <subfield code="7">0</subfield>
    <subfield code="a">BCEJYS</subfield>
    <subfield code="b">BCEJYS</subfield>
    <subfield code="c">13</subfield>
    <subfield code="d">2001-03-01</subfield>
    <subfield code="h">Vol. 38, N&#xBA; 1 - mar. 2001</subfield>
    <subfield code="l">0</subfield>
    <subfield code="o">H330 FIN v38.n1</subfield>
    <subfield code="p">R21007</subfield>
    <subfield code="r">2026-04-10 16:07:40</subfield>
    <subfield code="w">2026-04-10</subfield>
    <subfield code="y">RN</subfield>
  </datafield>
  <datafield tag="952" ind1=" " ind2=" ">
    <subfield code="0">0</subfield>
    <subfield code="1">0</subfield>
    <subfield code="4">0</subfield>
    <subfield code="7">0</subfield>
    <subfield code="a">BCEJYS</subfield>
    <subfield code="b">BCEJYS</subfield>
    <subfield code="c">17</subfield>
    <subfield code="d">2001-03-01</subfield>
    <subfield code="h">Vol. 38/39 - 2001/2002</subfield>
    <subfield code="l">0</subfield>
    <subfield code="o">H330 FIN 2001/2002</subfield>
    <subfield code="p">R17034</subfield>
    <subfield code="r">2026-04-10 16:07:40</subfield>
    <subfield code="w">2026-04-10</subfield>
    <subfield code="y">RN</subfield>
  </datafield>
  <datafield tag="952" ind1=" " ind2=" ">
    <subfield code="0">0</subfield>
    <subfield code="1">0</subfield>
    <subfield code="4">0</subfield>
    <subfield code="7">0</subfield>
    <subfield code="a">BCEJYS</subfield>
    <subfield code="b">BCEJYS</subfield>
    <subfield code="c">13</subfield>
    <subfield code="d">2000-12-01</subfield>
    <subfield code="h">Vol. 37, N&#xBA; 4 - dic. 2000</subfield>
    <subfield code="l">0</subfield>
    <subfield code="o">H330 FIN v37.n4</subfield>
    <subfield code="p">R21006</subfield>
    <subfield code="r">2026-04-10 16:07:40</subfield>
    <subfield code="w">2026-04-10</subfield>
    <subfield code="y">RN</subfield>
  </datafield>
  <datafield tag="952" ind1=" " ind2=" ">
    <subfield code="0">0</subfield>
    <subfield code="1">0</subfield>
    <subfield code="4">0</subfield>
    <subfield code="7">0</subfield>
    <subfield code="a">BCEJYS</subfield>
    <subfield code="b">BCEJYS</subfield>
    <subfield code="c">17</subfield>
    <subfield code="d">2000-06-01</subfield>
    <subfield code="h">Vol. 37, N&#xBA; 2 - jun. 2000</subfield>
    <subfield code="l">0</subfield>
    <subfield code="o">H330 FIN v37.n2</subfield>
    <subfield code="p">R07981</subfield>
    <subfield code="r">2026-04-10 16:07:40</subfield>
    <subfield code="w">2026-04-10</subfield>
    <subfield code="y">RN</subfield>
  </datafield>
  <datafield tag="952" ind1=" " ind2=" ">
    <subfield code="0">0</subfield>
    <subfield code="1">0</subfield>
    <subfield code="4">0</subfield>
    <subfield code="7">0</subfield>
    <subfield code="a">BCEJYS</subfield>
    <subfield code="b">BCEJYS</subfield>
    <subfield code="c">13</subfield>
    <subfield code="d">2000-03-01</subfield>
    <subfield code="h">Vol. 37, N&#xBA; 1 - mar. 2000</subfield>
    <subfield code="l">0</subfield>
    <subfield code="o">H330 FIN v37.n1</subfield>
    <subfield code="p">R21005</subfield>
    <subfield code="r">2026-04-10 16:07:40</subfield>
    <subfield code="w">2026-04-10</subfield>
    <subfield code="y">RN</subfield>
  </datafield>
  <datafield tag="952" ind1=" " ind2=" ">
    <subfield code="0">0</subfield>
    <subfield code="1">0</subfield>
    <subfield code="4">0</subfield>
    <subfield code="7">0</subfield>
    <subfield code="a">BCEJYS</subfield>
    <subfield code="b">BCEJYS</subfield>
    <subfield code="c">13</subfield>
    <subfield code="d">1999-12-01</subfield>
    <subfield code="h">Vol. 36, N&#xBA; 4 - dic. 1999</subfield>
    <subfield code="l">0</subfield>
    <subfield code="o">H330 FIN v36.n4</subfield>
    <subfield code="p">R21004</subfield>
    <subfield code="r">2026-04-10 16:07:40</subfield>
    <subfield code="w">2026-04-10</subfield>
    <subfield code="y">RN</subfield>
  </datafield>
  <datafield tag="952" ind1=" " ind2=" ">
    <subfield code="0">0</subfield>
    <subfield code="1">0</subfield>
    <subfield code="4">0</subfield>
    <subfield code="7">0</subfield>
    <subfield code="a">BCEJYS</subfield>
    <subfield code="b">BCEJYS</subfield>
    <subfield code="c">13</subfield>
    <subfield code="d">1999-09-01</subfield>
    <subfield code="h">Vol. 36, N&#xBA; 3 - sep. 1999</subfield>
    <subfield code="l">0</subfield>
    <subfield code="o">H330 FIN v36.n3</subfield>
    <subfield code="p">R21003</subfield>
    <subfield code="r">2026-04-10 16:07:40</subfield>
    <subfield code="w">2026-04-10</subfield>
    <subfield code="y">RN</subfield>
  </datafield>
  <datafield tag="952" ind1=" " ind2=" ">
    <subfield code="0">0</subfield>
    <subfield code="1">0</subfield>
    <subfield code="4">0</subfield>
    <subfield code="7">0</subfield>
    <subfield code="a">BCEJYS</subfield>
    <subfield code="b">BCEJYS</subfield>
    <subfield code="c">13</subfield>
    <subfield code="d">1998-12-01</subfield>
    <subfield code="h">Vol. 35, N&#xBA; 4 - dic. 1998</subfield>
    <subfield code="l">0</subfield>
    <subfield code="o">H330 FIN v35.n4</subfield>
    <subfield code="p">R21002</subfield>
    <subfield code="r">2026-04-10 16:07:40</subfield>
    <subfield code="w">2026-04-10</subfield>
    <subfield code="y">RN</subfield>
  </datafield>
  <datafield tag="952" ind1=" " ind2=" ">
    <subfield code="0">0</subfield>
    <subfield code="1">0</subfield>
    <subfield code="4">0</subfield>
    <subfield code="7">0</subfield>
    <subfield code="a">BCEJYS</subfield>
    <subfield code="b">BCEJYS</subfield>
    <subfield code="c">13</subfield>
    <subfield code="d">1998-09-01</subfield>
    <subfield code="h">Vol. 35, N&#xBA; 3 - sep. 1998</subfield>
    <subfield code="l">0</subfield>
    <subfield code="o">H330 FIN v35.n3</subfield>
    <subfield code="p">R21001</subfield>
    <subfield code="r">2026-04-10 16:07:40</subfield>
    <subfield code="w">2026-04-10</subfield>
    <subfield code="y">RN</subfield>
  </datafield>
  <datafield tag="952" ind1=" " ind2=" ">
    <subfield code="0">0</subfield>
    <subfield code="1">0</subfield>
    <subfield code="4">0</subfield>
    <subfield code="7">0</subfield>
    <subfield code="a">BCEJYS</subfield>
    <subfield code="b">BCEJYS</subfield>
    <subfield code="c">13</subfield>
    <subfield code="d">1998-06-01</subfield>
    <subfield code="h">Vol. 35, N&#xBA; 2 - jun. 1998</subfield>
    <subfield code="l">0</subfield>
    <subfield code="o">H330 FIN v35.n2</subfield>
    <subfield code="p">R21000</subfield>
    <subfield code="r">2026-04-10 16:07:40</subfield>
    <subfield code="w">2026-04-10</subfield>
    <subfield code="y">RN</subfield>
  </datafield>
  <datafield tag="952" ind1=" " ind2=" ">
    <subfield code="0">0</subfield>
    <subfield code="1">0</subfield>
    <subfield code="4">0</subfield>
    <subfield code="7">0</subfield>
    <subfield code="a">BCEJYS</subfield>
    <subfield code="b">BCEJYS</subfield>
    <subfield code="c">13</subfield>
    <subfield code="d">1998-03-01</subfield>
    <subfield code="h">Vol. 35, N&#xBA; 1 - mar. 1998</subfield>
    <subfield code="l">0</subfield>
    <subfield code="o">H330 FIN v35.n1</subfield>
    <subfield code="p">R20999</subfield>
    <subfield code="r">2026-04-10 16:07:40</subfield>
    <subfield code="w">2026-04-10</subfield>
    <subfield code="y">RN</subfield>
  </datafield>
  <datafield tag="952" ind1=" " ind2=" ">
    <subfield code="0">0</subfield>
    <subfield code="1">0</subfield>
    <subfield code="4">0</subfield>
    <subfield code="7">0</subfield>
    <subfield code="a">BCEJYS</subfield>
    <subfield code="b">BCEJYS</subfield>
    <subfield code="c">13</subfield>
    <subfield code="d">1997-03-01</subfield>
    <subfield code="h">Vol. 34, N&#xBA; 1 - mar. 1997</subfield>
    <subfield code="l">0</subfield>
    <subfield code="o">H330 FIN v34.n1</subfield>
    <subfield code="p">R20998</subfield>
    <subfield code="r">2026-04-10 16:07:40</subfield>
    <subfield code="w">2026-04-10</subfield>
    <subfield code="y">RN</subfield>
  </datafield>
  <datafield tag="952" ind1=" " ind2=" ">
    <subfield code="0">0</subfield>
    <subfield code="1">0</subfield>
    <subfield code="4">0</subfield>
    <subfield code="7">0</subfield>
    <subfield code="a">BCEJYS</subfield>
    <subfield code="b">BCEJYS</subfield>
    <subfield code="c">17</subfield>
    <subfield code="d">1996-09-01</subfield>
    <subfield code="h">Vol. 33, N&#xBA; 3 - sep. 1996</subfield>
    <subfield code="l">0</subfield>
    <subfield code="o">H330 FIN v33.n3</subfield>
    <subfield code="p">R07980</subfield>
    <subfield code="r">2026-04-10 16:07:40</subfield>
    <subfield code="w">2026-04-10</subfield>
    <subfield code="y">RN</subfield>
  </datafield>
  <datafield tag="952" ind1=" " ind2=" ">
    <subfield code="0">0</subfield>
    <subfield code="1">0</subfield>
    <subfield code="4">0</subfield>
    <subfield code="7">0</subfield>
    <subfield code="a">BCEJYS</subfield>
    <subfield code="b">BCEJYS</subfield>
    <subfield code="c">17</subfield>
    <subfield code="d">1996-06-01</subfield>
    <subfield code="h">Vol. 33, N&#xBA; 2 - jun. 1996</subfield>
    <subfield code="l">0</subfield>
    <subfield code="o">H330 FIN v33.n2</subfield>
    <subfield code="p">R07979</subfield>
    <subfield code="r">2026-04-10 16:07:40</subfield>
    <subfield code="w">2026-04-10</subfield>
    <subfield code="y">RN</subfield>
  </datafield>
  <datafield tag="952" ind1=" " ind2=" ">
    <subfield code="0">0</subfield>
    <subfield code="1">0</subfield>
    <subfield code="4">0</subfield>
    <subfield code="7">0</subfield>
    <subfield code="a">BCEJYS</subfield>
    <subfield code="b">BCEJYS</subfield>
    <subfield code="c">17</subfield>
    <subfield code="d">1996-03-01</subfield>
    <subfield code="h">Vol. 33, N&#xBA; 1 - mar. 1996</subfield>
    <subfield code="l">0</subfield>
    <subfield code="o">H330 FIN v33.n1</subfield>
    <subfield code="p">R07978</subfield>
    <subfield code="r">2026-04-10 16:07:40</subfield>
    <subfield code="w">2026-04-10</subfield>
    <subfield code="y">RN</subfield>
  </datafield>
  <datafield tag="952" ind1=" " ind2=" ">
    <subfield code="0">0</subfield>
    <subfield code="1">0</subfield>
    <subfield code="4">0</subfield>
    <subfield code="7">0</subfield>
    <subfield code="a">BCEJYS</subfield>
    <subfield code="b">BCEJYS</subfield>
    <subfield code="c">17</subfield>
    <subfield code="d">1995-12-01</subfield>
    <subfield code="h">Vol. 32, N&#xBA; 4 - dic. 1995</subfield>
    <subfield code="l">0</subfield>
    <subfield code="o">H330 FIN v32.n4</subfield>
    <subfield code="p">R07977</subfield>
    <subfield code="r">2026-04-10 16:07:40</subfield>
    <subfield code="w">2026-04-10</subfield>
    <subfield code="y">RN</subfield>
  </datafield>
  <datafield tag="952" ind1=" " ind2=" ">
    <subfield code="0">0</subfield>
    <subfield code="1">0</subfield>
    <subfield code="4">0</subfield>
    <subfield code="7">0</subfield>
    <subfield code="a">BCEJYS</subfield>
    <subfield code="b">BCEJYS</subfield>
    <subfield code="c">17</subfield>
    <subfield code="d">1995-09-01</subfield>
    <subfield code="h">Vol. 32, N&#xBA; 3 - sep. 1995</subfield>
    <subfield code="l">0</subfield>
    <subfield code="o">H330 FIN v32.n3</subfield>
    <subfield code="p">R07976</subfield>
    <subfield code="r">2026-04-10 16:07:40</subfield>
    <subfield code="w">2026-04-10</subfield>
    <subfield code="y">RN</subfield>
  </datafield>
  <datafield tag="952" ind1=" " ind2=" ">
    <subfield code="0">0</subfield>
    <subfield code="1">0</subfield>
    <subfield code="4">0</subfield>
    <subfield code="7">0</subfield>
    <subfield code="a">BCEJYS</subfield>
    <subfield code="b">BCEJYS</subfield>
    <subfield code="c">17</subfield>
    <subfield code="d">1995-06-01</subfield>
    <subfield code="h">Vol. 32, N&#xBA; 2 - jun. 1995</subfield>
    <subfield code="l">0</subfield>
    <subfield code="o">H330 FIN v32.n2</subfield>
    <subfield code="p">R07975</subfield>
    <subfield code="r">2026-04-10 16:07:40</subfield>
    <subfield code="w">2026-04-10</subfield>
    <subfield code="y">RN</subfield>
  </datafield>
  <datafield tag="952" ind1=" " ind2=" ">
    <subfield code="0">0</subfield>
    <subfield code="1">0</subfield>
    <subfield code="4">0</subfield>
    <subfield code="7">0</subfield>
    <subfield code="a">BCEJYS</subfield>
    <subfield code="b">BCEJYS</subfield>
    <subfield code="c">17</subfield>
    <subfield code="d">1995-03-01</subfield>
    <subfield code="h">Vol. 32, N&#xBA; 1 - mar. 1995</subfield>
    <subfield code="l">0</subfield>
    <subfield code="o">H330 FIN v32.n1</subfield>
    <subfield code="p">R07974</subfield>
    <subfield code="r">2026-04-10 16:07:40</subfield>
    <subfield code="w">2026-04-10</subfield>
    <subfield code="y">RN</subfield>
  </datafield>
  <datafield tag="952" ind1=" " ind2=" ">
    <subfield code="0">0</subfield>
    <subfield code="1">0</subfield>
    <subfield code="4">0</subfield>
    <subfield code="7">0</subfield>
    <subfield code="a">BCEJYS</subfield>
    <subfield code="b">BCEJYS</subfield>
    <subfield code="c">17</subfield>
    <subfield code="d">1994-12-01</subfield>
    <subfield code="h">Vol. 31, N&#xBA; 4 - dic. 1994</subfield>
    <subfield code="l">0</subfield>
    <subfield code="o">H330 FIN v31.n4</subfield>
    <subfield code="p">R07973</subfield>
    <subfield code="r">2026-04-10 16:07:40</subfield>
    <subfield code="w">2026-04-10</subfield>
    <subfield code="y">RN</subfield>
  </datafield>
  <datafield tag="952" ind1=" " ind2=" ">
    <subfield code="0">0</subfield>
    <subfield code="1">0</subfield>
    <subfield code="4">0</subfield>
    <subfield code="7">0</subfield>
    <subfield code="a">BCEJYS</subfield>
    <subfield code="b">BCEJYS</subfield>
    <subfield code="c">17</subfield>
    <subfield code="d">1994-09-01</subfield>
    <subfield code="h">Vol. 31, N&#xBA; 3 - sep. 1994</subfield>
    <subfield code="l">0</subfield>
    <subfield code="o">H330 FIN v31.n3</subfield>
    <subfield code="p">R07972</subfield>
    <subfield code="r">2026-04-10 16:07:40</subfield>
    <subfield code="w">2026-04-10</subfield>
    <subfield code="y">RN</subfield>
  </datafield>
  <datafield tag="952" ind1=" " ind2=" ">
    <subfield code="0">0</subfield>
    <subfield code="1">0</subfield>
    <subfield code="4">0</subfield>
    <subfield code="7">0</subfield>
    <subfield code="a">BCEJYS</subfield>
    <subfield code="b">BCEJYS</subfield>
    <subfield code="c">17</subfield>
    <subfield code="d">1994-06-01</subfield>
    <subfield code="h">Vol. 31, N&#xBA; 2 - jun. 1994</subfield>
    <subfield code="l">0</subfield>
    <subfield code="o">H330 FIN v31.n2</subfield>
    <subfield code="p">R07971</subfield>
    <subfield code="r">2026-04-10 16:07:41</subfield>
    <subfield code="w">2026-04-10</subfield>
    <subfield code="y">RN</subfield>
  </datafield>
  <datafield tag="952" ind1=" " ind2=" ">
    <subfield code="0">0</subfield>
    <subfield code="1">0</subfield>
    <subfield code="4">0</subfield>
    <subfield code="7">0</subfield>
    <subfield code="a">BCEJYS</subfield>
    <subfield code="b">BCEJYS</subfield>
    <subfield code="c">17</subfield>
    <subfield code="d">1994-03-01</subfield>
    <subfield code="h">Vol. 31, N&#xBA; 1 - mar. 1994</subfield>
    <subfield code="l">0</subfield>
    <subfield code="o">H330 FIN v31.n1</subfield>
    <subfield code="p">R07970</subfield>
    <subfield code="r">2026-04-10 16:07:41</subfield>
    <subfield code="w">2026-04-10</subfield>
    <subfield code="y">RN</subfield>
  </datafield>
  <datafield tag="952" ind1=" " ind2=" ">
    <subfield code="0">0</subfield>
    <subfield code="1">0</subfield>
    <subfield code="4">0</subfield>
    <subfield code="7">0</subfield>
    <subfield code="a">BCEJYS</subfield>
    <subfield code="b">BCEJYS</subfield>
    <subfield code="c">17</subfield>
    <subfield code="d">1993-12-01</subfield>
    <subfield code="h">Vol. 30, N&#xBA; 4 - dic. 1993</subfield>
    <subfield code="l">0</subfield>
    <subfield code="o">H330 FIN v30.n4</subfield>
    <subfield code="p">R07969</subfield>
    <subfield code="r">2026-04-10 16:07:41</subfield>
    <subfield code="w">2026-04-10</subfield>
    <subfield code="y">RN</subfield>
  </datafield>
  <datafield tag="952" ind1=" " ind2=" ">
    <subfield code="0">0</subfield>
    <subfield code="1">0</subfield>
    <subfield code="4">0</subfield>
    <subfield code="7">0</subfield>
    <subfield code="a">BCEJYS</subfield>
    <subfield code="b">BCEJYS</subfield>
    <subfield code="c">17</subfield>
    <subfield code="d">1993-09-01</subfield>
    <subfield code="h">Vol. 30, N&#xBA; 3 - sep. 1993</subfield>
    <subfield code="l">0</subfield>
    <subfield code="o">H330 FIN v30.n3</subfield>
    <subfield code="p">R07968</subfield>
    <subfield code="r">2026-04-10 16:07:41</subfield>
    <subfield code="w">2026-04-10</subfield>
    <subfield code="y">RN</subfield>
  </datafield>
  <datafield tag="952" ind1=" " ind2=" ">
    <subfield code="0">0</subfield>
    <subfield code="1">0</subfield>
    <subfield code="4">0</subfield>
    <subfield code="7">0</subfield>
    <subfield code="a">BCEJYS</subfield>
    <subfield code="b">BCEJYS</subfield>
    <subfield code="c">17</subfield>
    <subfield code="d">1993-06-01</subfield>
    <subfield code="h">Vol. 30, N&#xBA; 2 - jun. 1993</subfield>
    <subfield code="l">0</subfield>
    <subfield code="o">H330 FIN v30.n2</subfield>
    <subfield code="p">R07967</subfield>
    <subfield code="r">2026-04-10 16:07:41</subfield>
    <subfield code="w">2026-04-10</subfield>
    <subfield code="y">RN</subfield>
  </datafield>
  <datafield tag="952" ind1=" " ind2=" ">
    <subfield code="0">0</subfield>
    <subfield code="1">0</subfield>
    <subfield code="4">0</subfield>
    <subfield code="7">0</subfield>
    <subfield code="a">BCEJYS</subfield>
    <subfield code="b">BCEJYS</subfield>
    <subfield code="c">17</subfield>
    <subfield code="d">1993-03-01</subfield>
    <subfield code="h">Vol. 30, N&#xBA; 1 - mar. 1993</subfield>
    <subfield code="l">0</subfield>
    <subfield code="o">H330 FIN v30.n1</subfield>
    <subfield code="p">R07966</subfield>
    <subfield code="r">2026-04-10 16:07:41</subfield>
    <subfield code="w">2026-04-10</subfield>
    <subfield code="y">RN</subfield>
  </datafield>
  <datafield tag="952" ind1=" " ind2=" ">
    <subfield code="0">0</subfield>
    <subfield code="1">0</subfield>
    <subfield code="4">0</subfield>
    <subfield code="7">0</subfield>
    <subfield code="a">BCEJYS</subfield>
    <subfield code="b">BCEJYS</subfield>
    <subfield code="c">17</subfield>
    <subfield code="d">1992-12-01</subfield>
    <subfield code="h">Vol. 29, N&#xBA; 4 - dic. 1992</subfield>
    <subfield code="l">0</subfield>
    <subfield code="o">H330 FIN v29.n4</subfield>
    <subfield code="p">R07965</subfield>
    <subfield code="r">2026-04-10 16:07:41</subfield>
    <subfield code="w">2026-04-10</subfield>
    <subfield code="y">RN</subfield>
  </datafield>
  <datafield tag="952" ind1=" " ind2=" ">
    <subfield code="0">0</subfield>
    <subfield code="1">0</subfield>
    <subfield code="4">0</subfield>
    <subfield code="7">0</subfield>
    <subfield code="a">BCEJYS</subfield>
    <subfield code="b">BCEJYS</subfield>
    <subfield code="c">17</subfield>
    <subfield code="d">1992-09-01</subfield>
    <subfield code="h">Vol. 29/33 - 1992/1996</subfield>
    <subfield code="l">0</subfield>
    <subfield code="o">H330 FIN 1992/96</subfield>
    <subfield code="p">R17033</subfield>
    <subfield code="r">2026-04-10 16:07:41</subfield>
    <subfield code="w">2026-04-10</subfield>
    <subfield code="y">RN</subfield>
  </datafield>
  <datafield tag="952" ind1=" " ind2=" ">
    <subfield code="0">0</subfield>
    <subfield code="1">0</subfield>
    <subfield code="4">0</subfield>
    <subfield code="7">0</subfield>
    <subfield code="a">BCEJYS</subfield>
    <subfield code="b">BCEJYS</subfield>
    <subfield code="c">17</subfield>
    <subfield code="d">1992-09-01</subfield>
    <subfield code="h">Vol. 29, N&#xBA; 3 - sep. 1992</subfield>
    <subfield code="l">0</subfield>
    <subfield code="o">H330 FIN v29.n3</subfield>
    <subfield code="p">R07964</subfield>
    <subfield code="r">2026-04-10 16:07:41</subfield>
    <subfield code="w">2026-04-10</subfield>
    <subfield code="y">RN</subfield>
  </datafield>
  <datafield tag="952" ind1=" " ind2=" ">
    <subfield code="0">0</subfield>
    <subfield code="1">0</subfield>
    <subfield code="4">0</subfield>
    <subfield code="7">0</subfield>
    <subfield code="a">BCEJYS</subfield>
    <subfield code="b">BCEJYS</subfield>
    <subfield code="c">17</subfield>
    <subfield code="d">1992-06-01</subfield>
    <subfield code="h">Vol. 29, N&#xBA; 2 - jun. 1992</subfield>
    <subfield code="l">0</subfield>
    <subfield code="o">H330 FIN v29.n2</subfield>
    <subfield code="p">R07963</subfield>
    <subfield code="r">2026-04-10 16:07:41</subfield>
    <subfield code="w">2026-04-10</subfield>
    <subfield code="y">RN</subfield>
  </datafield>
  <datafield tag="952" ind1=" " ind2=" ">
    <subfield code="0">0</subfield>
    <subfield code="1">0</subfield>
    <subfield code="4">0</subfield>
    <subfield code="7">0</subfield>
    <subfield code="a">BCEJYS</subfield>
    <subfield code="b">BCEJYS</subfield>
    <subfield code="c">17</subfield>
    <subfield code="d">1992-03-01</subfield>
    <subfield code="h">Vol. 29, N&#xBA; 1 - mar. 1992</subfield>
    <subfield code="l">0</subfield>
    <subfield code="o">H330 FIN v29.n1</subfield>
    <subfield code="p">R07962</subfield>
    <subfield code="r">2026-04-10 16:07:41</subfield>
    <subfield code="w">2026-04-10</subfield>
    <subfield code="y">RN</subfield>
  </datafield>
  <datafield tag="952" ind1=" " ind2=" ">
    <subfield code="0">0</subfield>
    <subfield code="1">0</subfield>
    <subfield code="4">0</subfield>
    <subfield code="7">0</subfield>
    <subfield code="a">BCEJYS</subfield>
    <subfield code="b">BCEJYS</subfield>
    <subfield code="c">17</subfield>
    <subfield code="d">1991-12-01</subfield>
    <subfield code="h">Vol. 28, N&#xBA; 4 - dic. 1991</subfield>
    <subfield code="l">0</subfield>
    <subfield code="o">H330 FIN v28.n4</subfield>
    <subfield code="p">R07961</subfield>
    <subfield code="r">2026-04-10 16:07:41</subfield>
    <subfield code="w">2026-04-10</subfield>
    <subfield code="y">RN</subfield>
  </datafield>
  <datafield tag="952" ind1=" " ind2=" ">
    <subfield code="0">0</subfield>
    <subfield code="1">0</subfield>
    <subfield code="4">0</subfield>
    <subfield code="7">0</subfield>
    <subfield code="a">BCEJYS</subfield>
    <subfield code="b">BCEJYS</subfield>
    <subfield code="c">17</subfield>
    <subfield code="d">1991-09-01</subfield>
    <subfield code="h">Vol. 28, N&#xBA;3 - sep. 1991</subfield>
    <subfield code="l">0</subfield>
    <subfield code="o">H330 FIN v28.n3</subfield>
    <subfield code="p">R07960</subfield>
    <subfield code="r">2026-04-10 16:07:41</subfield>
    <subfield code="w">2026-04-10</subfield>
    <subfield code="y">RN</subfield>
  </datafield>
  <datafield tag="952" ind1=" " ind2=" ">
    <subfield code="0">0</subfield>
    <subfield code="1">0</subfield>
    <subfield code="4">0</subfield>
    <subfield code="7">0</subfield>
    <subfield code="a">BCEJYS</subfield>
    <subfield code="b">BCEJYS</subfield>
    <subfield code="c">17</subfield>
    <subfield code="d">1991-06-01</subfield>
    <subfield code="h">Vol. 28, N&#xBA; 2 - jun. 1991</subfield>
    <subfield code="l">0</subfield>
    <subfield code="o">H330 FIN v28.n2</subfield>
    <subfield code="p">R07959</subfield>
    <subfield code="r">2026-04-10 16:07:41</subfield>
    <subfield code="w">2026-04-10</subfield>
    <subfield code="y">RN</subfield>
  </datafield>
  <datafield tag="952" ind1=" " ind2=" ">
    <subfield code="0">0</subfield>
    <subfield code="1">0</subfield>
    <subfield code="4">0</subfield>
    <subfield code="7">0</subfield>
    <subfield code="a">BCEJYS</subfield>
    <subfield code="b">BCEJYS</subfield>
    <subfield code="c">17</subfield>
    <subfield code="d">1991-03-01</subfield>
    <subfield code="h">Vol. 28 , N&#xBA; 1 - mar. 1991</subfield>
    <subfield code="l">0</subfield>
    <subfield code="o">H330 FIN v28.n1</subfield>
    <subfield code="p">R07958</subfield>
    <subfield code="r">2026-04-10 16:07:41</subfield>
    <subfield code="w">2026-04-10</subfield>
    <subfield code="y">RN</subfield>
  </datafield>
  <datafield tag="952" ind1=" " ind2=" ">
    <subfield code="0">0</subfield>
    <subfield code="1">0</subfield>
    <subfield code="4">0</subfield>
    <subfield code="7">0</subfield>
    <subfield code="a">BCEJYS</subfield>
    <subfield code="b">BCEJYS</subfield>
    <subfield code="c">17</subfield>
    <subfield code="d">1990-12-01</subfield>
    <subfield code="h">Vol. 27, N&#xBA; 4 - dic. 1990</subfield>
    <subfield code="l">0</subfield>
    <subfield code="o">H330 FIN v27.n4</subfield>
    <subfield code="p">R07957</subfield>
    <subfield code="r">2026-04-10 16:07:41</subfield>
    <subfield code="w">2026-04-10</subfield>
    <subfield code="y">RN</subfield>
  </datafield>
  <datafield tag="952" ind1=" " ind2=" ">
    <subfield code="0">0</subfield>
    <subfield code="1">0</subfield>
    <subfield code="4">0</subfield>
    <subfield code="7">0</subfield>
    <subfield code="a">BCEJYS</subfield>
    <subfield code="b">BCEJYS</subfield>
    <subfield code="c">17</subfield>
    <subfield code="d">1990-09-01</subfield>
    <subfield code="h">Vol. 27, N&#xBA; 3 - sep. 1990</subfield>
    <subfield code="l">0</subfield>
    <subfield code="o">H330 FIN v27.n3</subfield>
    <subfield code="p">R07956</subfield>
    <subfield code="r">2026-04-10 16:07:41</subfield>
    <subfield code="w">2026-04-10</subfield>
    <subfield code="y">RN</subfield>
  </datafield>
  <datafield tag="952" ind1=" " ind2=" ">
    <subfield code="0">0</subfield>
    <subfield code="1">0</subfield>
    <subfield code="4">0</subfield>
    <subfield code="7">0</subfield>
    <subfield code="a">BCEJYS</subfield>
    <subfield code="b">BCEJYS</subfield>
    <subfield code="c">17</subfield>
    <subfield code="d">1990-06-01</subfield>
    <subfield code="h">Vol. 27, N&#xBA; 2 - jun. 1990</subfield>
    <subfield code="l">0</subfield>
    <subfield code="o">H330 FIN v27.n2</subfield>
    <subfield code="p">R07955</subfield>
    <subfield code="r">2026-04-10 16:07:41</subfield>
    <subfield code="w">2026-04-10</subfield>
    <subfield code="y">RN</subfield>
  </datafield>
  <datafield tag="952" ind1=" " ind2=" ">
    <subfield code="0">0</subfield>
    <subfield code="1">0</subfield>
    <subfield code="4">0</subfield>
    <subfield code="7">0</subfield>
    <subfield code="a">BCEJYS</subfield>
    <subfield code="b">BCEJYS</subfield>
    <subfield code="c">17</subfield>
    <subfield code="d">1990-03-01</subfield>
    <subfield code="h">Vol. 27, N&#xBA; 1 - mar. 1990</subfield>
    <subfield code="l">0</subfield>
    <subfield code="o">H330 FIN v27.n1</subfield>
    <subfield code="p">R07954</subfield>
    <subfield code="r">2026-04-10 16:07:41</subfield>
    <subfield code="w">2026-04-10</subfield>
    <subfield code="y">RN</subfield>
  </datafield>
  <datafield tag="952" ind1=" " ind2=" ">
    <subfield code="0">0</subfield>
    <subfield code="1">0</subfield>
    <subfield code="4">0</subfield>
    <subfield code="7">0</subfield>
    <subfield code="a">BCEJYS</subfield>
    <subfield code="b">BCEJYS</subfield>
    <subfield code="c">17</subfield>
    <subfield code="d">1989-12-01</subfield>
    <subfield code="h">Vol. 26, N&#xBA; 4 - dic. 1989</subfield>
    <subfield code="l">0</subfield>
    <subfield code="o">H330 FIN v26.n4</subfield>
    <subfield code="p">R07953</subfield>
    <subfield code="r">2026-04-10 16:07:41</subfield>
    <subfield code="w">2026-04-10</subfield>
    <subfield code="y">RN</subfield>
  </datafield>
  <datafield tag="952" ind1=" " ind2=" ">
    <subfield code="0">0</subfield>
    <subfield code="1">0</subfield>
    <subfield code="4">0</subfield>
    <subfield code="7">0</subfield>
    <subfield code="a">BCEJYS</subfield>
    <subfield code="b">BCEJYS</subfield>
    <subfield code="c">17</subfield>
    <subfield code="d">1989-09-01</subfield>
    <subfield code="h">Vol. 26, N&#xBA; 3 - sep. 1989</subfield>
    <subfield code="l">0</subfield>
    <subfield code="o">H330 FIN v26.n3</subfield>
    <subfield code="p">R07952</subfield>
    <subfield code="r">2026-04-10 16:07:41</subfield>
    <subfield code="w">2026-04-10</subfield>
    <subfield code="y">RN</subfield>
  </datafield>
  <datafield tag="952" ind1=" " ind2=" ">
    <subfield code="0">0</subfield>
    <subfield code="1">0</subfield>
    <subfield code="4">0</subfield>
    <subfield code="7">0</subfield>
    <subfield code="a">BCEJYS</subfield>
    <subfield code="b">BCEJYS</subfield>
    <subfield code="c">17</subfield>
    <subfield code="d">1989-06-01</subfield>
    <subfield code="h">Vol. 26, N&#xBA; 2 - jun. 1989</subfield>
    <subfield code="l">0</subfield>
    <subfield code="o">H330 FIN v26.n2</subfield>
    <subfield code="p">R07951</subfield>
    <subfield code="r">2026-04-10 16:07:41</subfield>
    <subfield code="w">2026-04-10</subfield>
    <subfield code="y">RN</subfield>
  </datafield>
  <datafield tag="952" ind1=" " ind2=" ">
    <subfield code="0">0</subfield>
    <subfield code="1">0</subfield>
    <subfield code="4">0</subfield>
    <subfield code="7">0</subfield>
    <subfield code="a">BCEJYS</subfield>
    <subfield code="b">BCEJYS</subfield>
    <subfield code="c">17</subfield>
    <subfield code="d">1989-03-01</subfield>
    <subfield code="h">Vol. 26/33 - 1989/1996</subfield>
    <subfield code="l">0</subfield>
    <subfield code="o">H330 FIN 1989/96</subfield>
    <subfield code="p">R17028</subfield>
    <subfield code="r">2026-04-10 16:07:41</subfield>
    <subfield code="w">2026-04-10</subfield>
    <subfield code="y">RN</subfield>
  </datafield>
  <datafield tag="952" ind1=" " ind2=" ">
    <subfield code="0">0</subfield>
    <subfield code="1">0</subfield>
    <subfield code="4">0</subfield>
    <subfield code="7">0</subfield>
    <subfield code="a">BCEJYS</subfield>
    <subfield code="b">BCEJYS</subfield>
    <subfield code="c">17</subfield>
    <subfield code="d">1989-03-01</subfield>
    <subfield code="h">Vol. 26, N&#xBA; 1 - mar. 1989</subfield>
    <subfield code="l">0</subfield>
    <subfield code="o">H330 FIN v26.n1</subfield>
    <subfield code="p">R07950</subfield>
    <subfield code="r">2026-04-10 16:07:41</subfield>
    <subfield code="w">2026-04-10</subfield>
    <subfield code="y">RN</subfield>
  </datafield>
  <datafield tag="952" ind1=" " ind2=" ">
    <subfield code="0">0</subfield>
    <subfield code="1">0</subfield>
    <subfield code="4">0</subfield>
    <subfield code="7">0</subfield>
    <subfield code="a">BCEJYS</subfield>
    <subfield code="b">BCEJYS</subfield>
    <subfield code="c">17</subfield>
    <subfield code="d">1988-12-01</subfield>
    <subfield code="h">Vol. 25, N&#xBA; 4 - dic. 1988</subfield>
    <subfield code="l">0</subfield>
    <subfield code="o">H330 FIN v25.n4</subfield>
    <subfield code="p">R07949</subfield>
    <subfield code="r">2026-04-10 16:07:41</subfield>
    <subfield code="w">2026-04-10</subfield>
    <subfield code="y">RN</subfield>
  </datafield>
  <datafield tag="952" ind1=" " ind2=" ">
    <subfield code="0">0</subfield>
    <subfield code="1">0</subfield>
    <subfield code="4">0</subfield>
    <subfield code="7">0</subfield>
    <subfield code="a">BCEJYS</subfield>
    <subfield code="b">BCEJYS</subfield>
    <subfield code="c">17</subfield>
    <subfield code="d">1988-09-01</subfield>
    <subfield code="h">Vol. 25, N&#xBA; 3 - sep. 1988</subfield>
    <subfield code="l">0</subfield>
    <subfield code="o">H330 FIN v25.n3</subfield>
    <subfield code="p">R07948</subfield>
    <subfield code="r">2026-04-10 16:07:41</subfield>
    <subfield code="w">2026-04-10</subfield>
    <subfield code="y">RN</subfield>
  </datafield>
  <datafield tag="952" ind1=" " ind2=" ">
    <subfield code="0">0</subfield>
    <subfield code="1">0</subfield>
    <subfield code="4">0</subfield>
    <subfield code="7">0</subfield>
    <subfield code="a">BCEJYS</subfield>
    <subfield code="b">BCEJYS</subfield>
    <subfield code="c">17</subfield>
    <subfield code="d">1988-06-01</subfield>
    <subfield code="h">Vol. 25, N&#xBA; 2 - jun. 1988</subfield>
    <subfield code="l">0</subfield>
    <subfield code="o">H330 FIN v25.n2</subfield>
    <subfield code="p">R07943</subfield>
    <subfield code="r">2026-04-10 16:07:41</subfield>
    <subfield code="w">2026-04-10</subfield>
    <subfield code="y">RN</subfield>
  </datafield>
  <datafield tag="952" ind1=" " ind2=" ">
    <subfield code="0">0</subfield>
    <subfield code="1">0</subfield>
    <subfield code="4">0</subfield>
    <subfield code="7">0</subfield>
    <subfield code="a">BCEJYS</subfield>
    <subfield code="b">BCEJYS</subfield>
    <subfield code="c">17</subfield>
    <subfield code="d">1988-03-01</subfield>
    <subfield code="h">Vol. 25, N&#xBA; 1 - mar. 1988</subfield>
    <subfield code="l">0</subfield>
    <subfield code="o">H330 FIN v25.n1</subfield>
    <subfield code="p">R07942</subfield>
    <subfield code="r">2026-04-10 16:07:41</subfield>
    <subfield code="w">2026-04-10</subfield>
    <subfield code="y">RN</subfield>
  </datafield>
  <datafield tag="952" ind1=" " ind2=" ">
    <subfield code="0">0</subfield>
    <subfield code="1">0</subfield>
    <subfield code="4">0</subfield>
    <subfield code="7">0</subfield>
    <subfield code="a">BCEJYS</subfield>
    <subfield code="b">BCEJYS</subfield>
    <subfield code="c">17</subfield>
    <subfield code="d">1987-12-01</subfield>
    <subfield code="h">Vol. 24, N&#xBA; 4 - dic. 1987</subfield>
    <subfield code="l">0</subfield>
    <subfield code="o">H330 FIN v24.n4</subfield>
    <subfield code="p">R07941</subfield>
    <subfield code="r">2026-04-10 16:07:41</subfield>
    <subfield code="w">2026-04-10</subfield>
    <subfield code="y">RN</subfield>
  </datafield>
  <datafield tag="952" ind1=" " ind2=" ">
    <subfield code="0">0</subfield>
    <subfield code="1">0</subfield>
    <subfield code="4">0</subfield>
    <subfield code="7">0</subfield>
    <subfield code="a">BCEJYS</subfield>
    <subfield code="b">BCEJYS</subfield>
    <subfield code="c">17</subfield>
    <subfield code="d">1987-09-01</subfield>
    <subfield code="h">Vol. 24, N&#xBA; 3 - sep. 1987</subfield>
    <subfield code="l">0</subfield>
    <subfield code="o">H330 FIN v24.n3</subfield>
    <subfield code="p">R07940</subfield>
    <subfield code="r">2026-04-10 16:07:41</subfield>
    <subfield code="w">2026-04-10</subfield>
    <subfield code="y">RN</subfield>
  </datafield>
  <datafield tag="952" ind1=" " ind2=" ">
    <subfield code="0">0</subfield>
    <subfield code="1">0</subfield>
    <subfield code="4">0</subfield>
    <subfield code="7">0</subfield>
    <subfield code="a">BCEJYS</subfield>
    <subfield code="b">BCEJYS</subfield>
    <subfield code="c">17</subfield>
    <subfield code="d">1987-06-01</subfield>
    <subfield code="h">Vol. 24, N&#xBA; 2 - jun. 1987</subfield>
    <subfield code="l">0</subfield>
    <subfield code="o">H330 FIN v24.n2</subfield>
    <subfield code="p">R07939</subfield>
    <subfield code="r">2026-04-10 16:07:41</subfield>
    <subfield code="w">2026-04-10</subfield>
    <subfield code="y">RN</subfield>
  </datafield>
  <datafield tag="952" ind1=" " ind2=" ">
    <subfield code="0">0</subfield>
    <subfield code="1">0</subfield>
    <subfield code="4">0</subfield>
    <subfield code="7">0</subfield>
    <subfield code="a">BCEJYS</subfield>
    <subfield code="b">BCEJYS</subfield>
    <subfield code="c">17</subfield>
    <subfield code="d">1987-03-01</subfield>
    <subfield code="h">Vol. 24, N&#xBA; 1 - mar. 1987</subfield>
    <subfield code="l">0</subfield>
    <subfield code="o">H330 FIN v24.n1</subfield>
    <subfield code="p">R07938</subfield>
    <subfield code="r">2026-04-10 16:07:41</subfield>
    <subfield code="w">2026-04-10</subfield>
    <subfield code="y">RN</subfield>
  </datafield>
  <datafield tag="952" ind1=" " ind2=" ">
    <subfield code="0">0</subfield>
    <subfield code="1">0</subfield>
    <subfield code="4">0</subfield>
    <subfield code="7">0</subfield>
    <subfield code="a">BCEJYS</subfield>
    <subfield code="b">BCEJYS</subfield>
    <subfield code="c">17</subfield>
    <subfield code="d">1986-12-01</subfield>
    <subfield code="h">Vol. 23, N&#xBA; 4 - dic. 1986</subfield>
    <subfield code="l">0</subfield>
    <subfield code="o">H330 FIN v23.n4</subfield>
    <subfield code="p">R07937</subfield>
    <subfield code="r">2026-04-10 16:07:41</subfield>
    <subfield code="w">2026-04-10</subfield>
    <subfield code="y">RN</subfield>
  </datafield>
  <datafield tag="952" ind1=" " ind2=" ">
    <subfield code="0">0</subfield>
    <subfield code="1">0</subfield>
    <subfield code="4">0</subfield>
    <subfield code="7">0</subfield>
    <subfield code="a">BCEJYS</subfield>
    <subfield code="b">BCEJYS</subfield>
    <subfield code="c">17</subfield>
    <subfield code="d">1986-09-01</subfield>
    <subfield code="h">Vol. 23, N&#xBA; 3 - sep. 1986</subfield>
    <subfield code="l">0</subfield>
    <subfield code="o">H330 FIN v23.n3</subfield>
    <subfield code="p">R07936</subfield>
    <subfield code="r">2026-04-10 16:07:41</subfield>
    <subfield code="w">2026-04-10</subfield>
    <subfield code="y">RN</subfield>
  </datafield>
  <datafield tag="952" ind1=" " ind2=" ">
    <subfield code="0">0</subfield>
    <subfield code="1">0</subfield>
    <subfield code="4">0</subfield>
    <subfield code="7">0</subfield>
    <subfield code="a">BCEJYS</subfield>
    <subfield code="b">BCEJYS</subfield>
    <subfield code="c">17</subfield>
    <subfield code="d">1986-06-01</subfield>
    <subfield code="h">Vol. 23, N&#xBA; 2 - jun. 1986</subfield>
    <subfield code="l">0</subfield>
    <subfield code="o">H330 FIN v23.n2</subfield>
    <subfield code="p">R07935</subfield>
    <subfield code="r">2026-04-10 16:07:41</subfield>
    <subfield code="w">2026-04-10</subfield>
    <subfield code="y">RN</subfield>
  </datafield>
  <datafield tag="952" ind1=" " ind2=" ">
    <subfield code="0">0</subfield>
    <subfield code="1">0</subfield>
    <subfield code="4">0</subfield>
    <subfield code="7">0</subfield>
    <subfield code="a">BCEJYS</subfield>
    <subfield code="b">BCEJYS</subfield>
    <subfield code="c">17</subfield>
    <subfield code="d">1986-03-01</subfield>
    <subfield code="h">Vol. 23, N&#xBA; 1 - mar. 1986</subfield>
    <subfield code="l">0</subfield>
    <subfield code="o">H330 FIN v23.n1</subfield>
    <subfield code="p">R07934</subfield>
    <subfield code="r">2026-04-10 16:07:41</subfield>
    <subfield code="w">2026-04-10</subfield>
    <subfield code="y">RN</subfield>
  </datafield>
  <datafield tag="952" ind1=" " ind2=" ">
    <subfield code="0">0</subfield>
    <subfield code="1">0</subfield>
    <subfield code="4">0</subfield>
    <subfield code="7">0</subfield>
    <subfield code="a">BCEJYS</subfield>
    <subfield code="b">BCEJYS</subfield>
    <subfield code="c">17</subfield>
    <subfield code="d">1985-12-01</subfield>
    <subfield code="h">Vol. 22, N&#xBA; 4 - dic. 1985</subfield>
    <subfield code="l">0</subfield>
    <subfield code="o">H330 FIN v22.n4</subfield>
    <subfield code="p">R07933</subfield>
    <subfield code="r">2026-04-10 16:07:41</subfield>
    <subfield code="w">2026-04-10</subfield>
    <subfield code="y">RN</subfield>
  </datafield>
  <datafield tag="952" ind1=" " ind2=" ">
    <subfield code="0">0</subfield>
    <subfield code="1">0</subfield>
    <subfield code="4">0</subfield>
    <subfield code="7">0</subfield>
    <subfield code="a">BCEJYS</subfield>
    <subfield code="b">BCEJYS</subfield>
    <subfield code="c">17</subfield>
    <subfield code="d">1985-09-01</subfield>
    <subfield code="h">Vol. 22, N&#xBA; 3 - sep. 1985</subfield>
    <subfield code="l">0</subfield>
    <subfield code="o">H330 FIN v22.n3</subfield>
    <subfield code="p">R07932</subfield>
    <subfield code="r">2026-04-10 16:07:41</subfield>
    <subfield code="w">2026-04-10</subfield>
    <subfield code="y">RN</subfield>
  </datafield>
  <datafield tag="952" ind1=" " ind2=" ">
    <subfield code="0">0</subfield>
    <subfield code="1">0</subfield>
    <subfield code="4">0</subfield>
    <subfield code="7">0</subfield>
    <subfield code="a">BCEJYS</subfield>
    <subfield code="b">BCEJYS</subfield>
    <subfield code="c">17</subfield>
    <subfield code="d">1985-06-01</subfield>
    <subfield code="h">Vol. 22, N&#xBA; 2 - jun. 1985</subfield>
    <subfield code="l">0</subfield>
    <subfield code="o">H330 FIN v22.n2</subfield>
    <subfield code="p">R07931</subfield>
    <subfield code="r">2026-04-10 16:07:41</subfield>
    <subfield code="w">2026-04-10</subfield>
    <subfield code="y">RN</subfield>
  </datafield>
  <datafield tag="952" ind1=" " ind2=" ">
    <subfield code="0">0</subfield>
    <subfield code="1">0</subfield>
    <subfield code="4">0</subfield>
    <subfield code="7">0</subfield>
    <subfield code="a">BCEJYS</subfield>
    <subfield code="b">BCEJYS</subfield>
    <subfield code="c">17</subfield>
    <subfield code="d">1985-03-01</subfield>
    <subfield code="h">Vol. 22, N&#xBA; 1 - mar. 1985</subfield>
    <subfield code="l">0</subfield>
    <subfield code="o">H330 FIN v22.n1</subfield>
    <subfield code="p">R07930</subfield>
    <subfield code="r">2026-04-10 16:07:41</subfield>
    <subfield code="w">2026-04-10</subfield>
    <subfield code="y">RN</subfield>
  </datafield>
  <datafield tag="952" ind1=" " ind2=" ">
    <subfield code="0">0</subfield>
    <subfield code="1">0</subfield>
    <subfield code="4">0</subfield>
    <subfield code="7">0</subfield>
    <subfield code="a">BCEJYS</subfield>
    <subfield code="b">BCEJYS</subfield>
    <subfield code="c">17</subfield>
    <subfield code="d">1984-12-01</subfield>
    <subfield code="h">Vol. 21, N&#xBA; 4 - dic. 1984</subfield>
    <subfield code="l">0</subfield>
    <subfield code="o">H330 FIN v21.n4</subfield>
    <subfield code="p">R07929</subfield>
    <subfield code="r">2026-04-10 16:07:41</subfield>
    <subfield code="w">2026-04-10</subfield>
    <subfield code="y">RN</subfield>
  </datafield>
  <datafield tag="952" ind1=" " ind2=" ">
    <subfield code="0">0</subfield>
    <subfield code="1">0</subfield>
    <subfield code="4">0</subfield>
    <subfield code="7">0</subfield>
    <subfield code="a">BCEJYS</subfield>
    <subfield code="b">BCEJYS</subfield>
    <subfield code="c">17</subfield>
    <subfield code="d">1984-09-01</subfield>
    <subfield code="h">Vol. 21, N&#xBA; 3 - sep. 1984</subfield>
    <subfield code="l">0</subfield>
    <subfield code="o">H330 FIN v21.n3</subfield>
    <subfield code="p">R07928</subfield>
    <subfield code="r">2026-04-10 16:07:41</subfield>
    <subfield code="w">2026-04-10</subfield>
    <subfield code="y">RN</subfield>
  </datafield>
  <datafield tag="952" ind1=" " ind2=" ">
    <subfield code="0">0</subfield>
    <subfield code="1">0</subfield>
    <subfield code="4">0</subfield>
    <subfield code="7">0</subfield>
    <subfield code="a">BCEJYS</subfield>
    <subfield code="b">BCEJYS</subfield>
    <subfield code="c">17</subfield>
    <subfield code="d">1984-06-01</subfield>
    <subfield code="h">Vol. 21, N&#xBA; 2 - jun. 1984</subfield>
    <subfield code="l">0</subfield>
    <subfield code="o">H330 FIN v21.n2</subfield>
    <subfield code="p">R07927</subfield>
    <subfield code="r">2026-04-10 16:07:41</subfield>
    <subfield code="w">2026-04-10</subfield>
    <subfield code="y">RN</subfield>
  </datafield>
  <datafield tag="952" ind1=" " ind2=" ">
    <subfield code="0">0</subfield>
    <subfield code="1">0</subfield>
    <subfield code="4">0</subfield>
    <subfield code="7">0</subfield>
    <subfield code="a">BCEJYS</subfield>
    <subfield code="b">BCEJYS</subfield>
    <subfield code="c">17</subfield>
    <subfield code="d">1984-03-01</subfield>
    <subfield code="h">Vol. 21, N&#xBA; 1 - mar. 1984</subfield>
    <subfield code="l">0</subfield>
    <subfield code="o">H330 FIN v21.n1</subfield>
    <subfield code="p">R07926</subfield>
    <subfield code="r">2026-04-10 16:07:41</subfield>
    <subfield code="w">2026-04-10</subfield>
    <subfield code="y">RN</subfield>
  </datafield>
  <datafield tag="952" ind1=" " ind2=" ">
    <subfield code="0">0</subfield>
    <subfield code="1">0</subfield>
    <subfield code="4">0</subfield>
    <subfield code="7">0</subfield>
    <subfield code="a">BCEJYS</subfield>
    <subfield code="b">BCEJYS</subfield>
    <subfield code="c">17</subfield>
    <subfield code="d">1983-12-01</subfield>
    <subfield code="h">Vol. 20, N&#xBA; 4 - dic. 1983</subfield>
    <subfield code="l">0</subfield>
    <subfield code="o">H330 FIN v20.n4</subfield>
    <subfield code="p">R07925</subfield>
    <subfield code="r">2026-04-10 16:07:41</subfield>
    <subfield code="w">2026-04-10</subfield>
    <subfield code="y">RN</subfield>
  </datafield>
  <datafield tag="952" ind1=" " ind2=" ">
    <subfield code="0">0</subfield>
    <subfield code="1">0</subfield>
    <subfield code="4">0</subfield>
    <subfield code="7">0</subfield>
    <subfield code="a">BCEJYS</subfield>
    <subfield code="b">BCEJYS</subfield>
    <subfield code="c">17</subfield>
    <subfield code="d">1983-09-01</subfield>
    <subfield code="h">Vol. 20, N&#xBA; 3 - sep. 1983</subfield>
    <subfield code="l">0</subfield>
    <subfield code="o">H330 FIN v20.n3</subfield>
    <subfield code="p">R07924</subfield>
    <subfield code="r">2026-04-10 16:07:41</subfield>
    <subfield code="w">2026-04-10</subfield>
    <subfield code="y">RN</subfield>
  </datafield>
  <datafield tag="952" ind1=" " ind2=" ">
    <subfield code="0">0</subfield>
    <subfield code="1">0</subfield>
    <subfield code="4">0</subfield>
    <subfield code="7">0</subfield>
    <subfield code="a">BCEJYS</subfield>
    <subfield code="b">BCEJYS</subfield>
    <subfield code="c">17</subfield>
    <subfield code="d">1983-06-01</subfield>
    <subfield code="h">Vol. 20, N&#xBA; 2 - jun. 1983</subfield>
    <subfield code="l">0</subfield>
    <subfield code="o">H330 FIN v20.n2</subfield>
    <subfield code="p">R07923</subfield>
    <subfield code="r">2026-04-10 16:07:41</subfield>
    <subfield code="w">2026-04-10</subfield>
    <subfield code="y">RN</subfield>
  </datafield>
  <datafield tag="952" ind1=" " ind2=" ">
    <subfield code="0">0</subfield>
    <subfield code="1">0</subfield>
    <subfield code="4">0</subfield>
    <subfield code="7">0</subfield>
    <subfield code="a">BCEJYS</subfield>
    <subfield code="b">BCEJYS</subfield>
    <subfield code="c">17</subfield>
    <subfield code="d">1983-03-01</subfield>
    <subfield code="h">Vol. 20, N&#xBA; 1 - mar. 1983</subfield>
    <subfield code="l">0</subfield>
    <subfield code="o">H330 FIN v20.n1</subfield>
    <subfield code="p">R07922</subfield>
    <subfield code="r">2026-04-10 16:07:41</subfield>
    <subfield code="w">2026-04-10</subfield>
    <subfield code="y">RN</subfield>
  </datafield>
  <datafield tag="952" ind1=" " ind2=" ">
    <subfield code="0">0</subfield>
    <subfield code="1">0</subfield>
    <subfield code="4">0</subfield>
    <subfield code="7">0</subfield>
    <subfield code="a">BCEJYS</subfield>
    <subfield code="b">BCEJYS</subfield>
    <subfield code="c">17</subfield>
    <subfield code="d">1982-12-01</subfield>
    <subfield code="h">Vol. 19, N&#xBA; 4 - dic. 1982</subfield>
    <subfield code="l">0</subfield>
    <subfield code="o">H330 FIN v19.n4</subfield>
    <subfield code="p">R07921</subfield>
    <subfield code="r">2026-04-10 16:07:41</subfield>
    <subfield code="w">2026-04-10</subfield>
    <subfield code="y">RN</subfield>
  </datafield>
  <datafield tag="952" ind1=" " ind2=" ">
    <subfield code="0">0</subfield>
    <subfield code="1">0</subfield>
    <subfield code="4">0</subfield>
    <subfield code="7">0</subfield>
    <subfield code="a">BCEJYS</subfield>
    <subfield code="b">BCEJYS</subfield>
    <subfield code="c">17</subfield>
    <subfield code="d">1982-09-01</subfield>
    <subfield code="h">Vol. 19, N&#xBA; 3 - sep. 1982</subfield>
    <subfield code="l">0</subfield>
    <subfield code="o">H330 FIN v19.n3</subfield>
    <subfield code="p">R07920</subfield>
    <subfield code="r">2026-04-10 16:07:41</subfield>
    <subfield code="w">2026-04-10</subfield>
    <subfield code="y">RN</subfield>
  </datafield>
  <datafield tag="952" ind1=" " ind2=" ">
    <subfield code="0">0</subfield>
    <subfield code="1">0</subfield>
    <subfield code="4">0</subfield>
    <subfield code="7">0</subfield>
    <subfield code="a">BCEJYS</subfield>
    <subfield code="b">BCEJYS</subfield>
    <subfield code="c">17</subfield>
    <subfield code="d">1982-06-01</subfield>
    <subfield code="h">Vol. 19, N&#xBA; 2 - jun. 1982</subfield>
    <subfield code="l">0</subfield>
    <subfield code="o">H330 FIN v19.n2</subfield>
    <subfield code="p">R07919</subfield>
    <subfield code="r">2026-04-10 16:07:41</subfield>
    <subfield code="w">2026-04-10</subfield>
    <subfield code="y">RN</subfield>
  </datafield>
  <datafield tag="952" ind1=" " ind2=" ">
    <subfield code="0">0</subfield>
    <subfield code="1">0</subfield>
    <subfield code="4">0</subfield>
    <subfield code="7">0</subfield>
    <subfield code="a">BCEJYS</subfield>
    <subfield code="b">BCEJYS</subfield>
    <subfield code="c">17</subfield>
    <subfield code="d">1982-03-01</subfield>
    <subfield code="h">Vol. 19, N&#xBA; 1 - mar. 1982</subfield>
    <subfield code="l">0</subfield>
    <subfield code="o">H330 FIN v19.n1</subfield>
    <subfield code="p">R07918</subfield>
    <subfield code="r">2026-04-10 16:07:41</subfield>
    <subfield code="w">2026-04-10</subfield>
    <subfield code="y">RN</subfield>
  </datafield>
  <datafield tag="952" ind1=" " ind2=" ">
    <subfield code="0">0</subfield>
    <subfield code="1">0</subfield>
    <subfield code="4">0</subfield>
    <subfield code="7">0</subfield>
    <subfield code="a">BCEJYS</subfield>
    <subfield code="b">BCEJYS</subfield>
    <subfield code="c">17</subfield>
    <subfield code="d">1981-12-01</subfield>
    <subfield code="h">Vol. 18, N&#xBA; 4 - dic. 1981</subfield>
    <subfield code="l">0</subfield>
    <subfield code="o">H330 FIN v18.n4</subfield>
    <subfield code="p">R07917</subfield>
    <subfield code="r">2026-04-10 16:07:41</subfield>
    <subfield code="w">2026-04-10</subfield>
    <subfield code="y">RN</subfield>
  </datafield>
  <datafield tag="952" ind1=" " ind2=" ">
    <subfield code="0">0</subfield>
    <subfield code="1">0</subfield>
    <subfield code="4">0</subfield>
    <subfield code="7">0</subfield>
    <subfield code="a">BCEJYS</subfield>
    <subfield code="b">BCEJYS</subfield>
    <subfield code="c">17</subfield>
    <subfield code="d">1981-09-01</subfield>
    <subfield code="h">Vol. 18, N&#xBA; 3 - sep. 1981</subfield>
    <subfield code="l">0</subfield>
    <subfield code="o">H330 FIN v18.n3</subfield>
    <subfield code="p">R07916</subfield>
    <subfield code="r">2026-04-10 16:07:41</subfield>
    <subfield code="w">2026-04-10</subfield>
    <subfield code="y">RN</subfield>
  </datafield>
  <datafield tag="952" ind1=" " ind2=" ">
    <subfield code="0">0</subfield>
    <subfield code="1">0</subfield>
    <subfield code="4">0</subfield>
    <subfield code="7">0</subfield>
    <subfield code="a">BCEJYS</subfield>
    <subfield code="b">BCEJYS</subfield>
    <subfield code="c">17</subfield>
    <subfield code="d">1981-06-01</subfield>
    <subfield code="h">Vol. 18, N&#xBA; 2 - jun. 1981</subfield>
    <subfield code="l">0</subfield>
    <subfield code="o">H330 FIN v18.n2</subfield>
    <subfield code="p">R07915</subfield>
    <subfield code="r">2026-04-10 16:07:41</subfield>
    <subfield code="w">2026-04-10</subfield>
    <subfield code="y">RN</subfield>
  </datafield>
  <datafield tag="952" ind1=" " ind2=" ">
    <subfield code="0">0</subfield>
    <subfield code="1">0</subfield>
    <subfield code="4">0</subfield>
    <subfield code="7">0</subfield>
    <subfield code="a">BCEJYS</subfield>
    <subfield code="b">BCEJYS</subfield>
    <subfield code="c">17</subfield>
    <subfield code="d">1981-03-01</subfield>
    <subfield code="h">Vol. 18, N&#xBA; 1 - mar. 1981</subfield>
    <subfield code="l">0</subfield>
    <subfield code="o">H330 FIN v18.n1</subfield>
    <subfield code="p">R07914</subfield>
    <subfield code="r">2026-04-10 16:07:41</subfield>
    <subfield code="w">2026-04-10</subfield>
    <subfield code="y">RN</subfield>
  </datafield>
  <datafield tag="952" ind1=" " ind2=" ">
    <subfield code="0">0</subfield>
    <subfield code="1">0</subfield>
    <subfield code="4">0</subfield>
    <subfield code="7">0</subfield>
    <subfield code="a">BCEJYS</subfield>
    <subfield code="b">BCEJYS</subfield>
    <subfield code="c">17</subfield>
    <subfield code="d">1980-12-01</subfield>
    <subfield code="h">Vol.17, N&#xBA; 4 - dic. 1980</subfield>
    <subfield code="l">0</subfield>
    <subfield code="o">H330 FIN v17.n4</subfield>
    <subfield code="p">R07913</subfield>
    <subfield code="r">2026-04-10 16:07:41</subfield>
    <subfield code="w">2026-04-10</subfield>
    <subfield code="y">RN</subfield>
  </datafield>
  <datafield tag="952" ind1=" " ind2=" ">
    <subfield code="0">0</subfield>
    <subfield code="1">0</subfield>
    <subfield code="4">0</subfield>
    <subfield code="7">0</subfield>
    <subfield code="a">BCEJYS</subfield>
    <subfield code="b">BCEJYS</subfield>
    <subfield code="c">17</subfield>
    <subfield code="d">1980-09-01</subfield>
    <subfield code="h">Vol. 17, N&#xBA; 3 - sep. 1980</subfield>
    <subfield code="l">0</subfield>
    <subfield code="o">H330 FIN v17.n3</subfield>
    <subfield code="p">R07912</subfield>
    <subfield code="r">2026-04-10 16:07:41</subfield>
    <subfield code="w">2026-04-10</subfield>
    <subfield code="y">RN</subfield>
  </datafield>
  <datafield tag="952" ind1=" " ind2=" ">
    <subfield code="0">0</subfield>
    <subfield code="1">0</subfield>
    <subfield code="4">0</subfield>
    <subfield code="7">0</subfield>
    <subfield code="a">BCEJYS</subfield>
    <subfield code="b">BCEJYS</subfield>
    <subfield code="c">17</subfield>
    <subfield code="d">1980-06-01</subfield>
    <subfield code="h">Vol. 17, N&#xBA; 2 - jun. 1980</subfield>
    <subfield code="l">0</subfield>
    <subfield code="o">H330 FIN v17.n2</subfield>
    <subfield code="p">R07911</subfield>
    <subfield code="r">2026-04-10 16:07:41</subfield>
    <subfield code="w">2026-04-10</subfield>
    <subfield code="y">RN</subfield>
  </datafield>
  <datafield tag="952" ind1=" " ind2=" ">
    <subfield code="0">0</subfield>
    <subfield code="1">0</subfield>
    <subfield code="4">0</subfield>
    <subfield code="7">0</subfield>
    <subfield code="a">BCEJYS</subfield>
    <subfield code="b">BCEJYS</subfield>
    <subfield code="c">17</subfield>
    <subfield code="d">1980-03-01</subfield>
    <subfield code="h">Vol. 17, N&#xBA; 1 - mar. 1980</subfield>
    <subfield code="l">0</subfield>
    <subfield code="o">H330 FIN v17.n1</subfield>
    <subfield code="p">R07910</subfield>
    <subfield code="r">2026-04-10 16:07:41</subfield>
    <subfield code="w">2026-04-10</subfield>
    <subfield code="y">RN</subfield>
  </datafield>
  <datafield tag="952" ind1=" " ind2=" ">
    <subfield code="0">0</subfield>
    <subfield code="1">0</subfield>
    <subfield code="4">0</subfield>
    <subfield code="7">0</subfield>
    <subfield code="a">BCEJYS</subfield>
    <subfield code="b">BCEJYS</subfield>
    <subfield code="c">17</subfield>
    <subfield code="d">1979-12-01</subfield>
    <subfield code="h">Vol. 16, N&#xBA; 4 - dic. 1979</subfield>
    <subfield code="l">0</subfield>
    <subfield code="o">H330 FIN v16.n4</subfield>
    <subfield code="p">R07909</subfield>
    <subfield code="r">2026-04-10 16:07:41</subfield>
    <subfield code="w">2026-04-10</subfield>
    <subfield code="y">RN</subfield>
  </datafield>
  <datafield tag="952" ind1=" " ind2=" ">
    <subfield code="0">0</subfield>
    <subfield code="1">0</subfield>
    <subfield code="4">0</subfield>
    <subfield code="7">0</subfield>
    <subfield code="a">BCEJYS</subfield>
    <subfield code="b">BCEJYS</subfield>
    <subfield code="c">17</subfield>
    <subfield code="d">1979-09-01</subfield>
    <subfield code="h">Vol. 16, N&#xBA; 3 - sep. 1979</subfield>
    <subfield code="l">0</subfield>
    <subfield code="o">H330 FIN v16.n3</subfield>
    <subfield code="p">R07908</subfield>
    <subfield code="r">2026-04-10 16:07:41</subfield>
    <subfield code="w">2026-04-10</subfield>
    <subfield code="y">RN</subfield>
  </datafield>
  <datafield tag="952" ind1=" " ind2=" ">
    <subfield code="0">0</subfield>
    <subfield code="1">0</subfield>
    <subfield code="4">0</subfield>
    <subfield code="7">0</subfield>
    <subfield code="a">BCEJYS</subfield>
    <subfield code="b">BCEJYS</subfield>
    <subfield code="c">17</subfield>
    <subfield code="d">1979-06-01</subfield>
    <subfield code="h">Vol. 16, N&#xBA; 2 - jun. 1979</subfield>
    <subfield code="l">0</subfield>
    <subfield code="o">H330 FIN v16.n2</subfield>
    <subfield code="p">R07907</subfield>
    <subfield code="r">2026-04-10 16:07:41</subfield>
    <subfield code="w">2026-04-10</subfield>
    <subfield code="y">RN</subfield>
  </datafield>
  <datafield tag="952" ind1=" " ind2=" ">
    <subfield code="0">0</subfield>
    <subfield code="1">0</subfield>
    <subfield code="4">0</subfield>
    <subfield code="7">0</subfield>
    <subfield code="a">BCEJYS</subfield>
    <subfield code="b">BCEJYS</subfield>
    <subfield code="c">17</subfield>
    <subfield code="d">1979-03-01</subfield>
    <subfield code="h">Vol. 16, N&#xBA; 1 - mar. 1979</subfield>
    <subfield code="l">0</subfield>
    <subfield code="o">H330 FIN v16.n1</subfield>
    <subfield code="p">R07906</subfield>
    <subfield code="r">2026-04-10 16:07:41</subfield>
    <subfield code="w">2026-04-10</subfield>
    <subfield code="y">RN</subfield>
  </datafield>
  <datafield tag="952" ind1=" " ind2=" ">
    <subfield code="0">0</subfield>
    <subfield code="1">0</subfield>
    <subfield code="4">0</subfield>
    <subfield code="7">0</subfield>
    <subfield code="a">BCEJYS</subfield>
    <subfield code="b">BCEJYS</subfield>
    <subfield code="c">17</subfield>
    <subfield code="d">1978-12-01</subfield>
    <subfield code="h">Vol. 15, N&#xBA; 4 - dic. 1978</subfield>
    <subfield code="l">0</subfield>
    <subfield code="o">H330 FIN v15.n4</subfield>
    <subfield code="p">R07905</subfield>
    <subfield code="r">2026-04-10 16:07:41</subfield>
    <subfield code="w">2026-04-10</subfield>
    <subfield code="y">RN</subfield>
  </datafield>
  <datafield tag="952" ind1=" " ind2=" ">
    <subfield code="0">0</subfield>
    <subfield code="1">0</subfield>
    <subfield code="4">0</subfield>
    <subfield code="7">0</subfield>
    <subfield code="a">BCEJYS</subfield>
    <subfield code="b">BCEJYS</subfield>
    <subfield code="c">17</subfield>
    <subfield code="d">1978-09-01</subfield>
    <subfield code="h">Vol. 15, N&#xBA; 3 - sep. 1978</subfield>
    <subfield code="l">0</subfield>
    <subfield code="o">H330 FIN v15.n3</subfield>
    <subfield code="p">R07904</subfield>
    <subfield code="r">2026-04-10 16:07:41</subfield>
    <subfield code="w">2026-04-10</subfield>
    <subfield code="y">RN</subfield>
  </datafield>
  <datafield tag="952" ind1=" " ind2=" ">
    <subfield code="0">0</subfield>
    <subfield code="1">0</subfield>
    <subfield code="4">0</subfield>
    <subfield code="7">0</subfield>
    <subfield code="a">BCEJYS</subfield>
    <subfield code="b">BCEJYS</subfield>
    <subfield code="c">17</subfield>
    <subfield code="d">1978-06-01</subfield>
    <subfield code="h">Vol. 15, N&#xBA; 2 - jun. 1978</subfield>
    <subfield code="l">0</subfield>
    <subfield code="o">H330 FIN v15.n2</subfield>
    <subfield code="p">R07903</subfield>
    <subfield code="r">2026-04-10 16:07:41</subfield>
    <subfield code="w">2026-04-10</subfield>
    <subfield code="y">RN</subfield>
  </datafield>
  <datafield tag="952" ind1=" " ind2=" ">
    <subfield code="0">0</subfield>
    <subfield code="1">0</subfield>
    <subfield code="4">0</subfield>
    <subfield code="7">0</subfield>
    <subfield code="a">BCEJYS</subfield>
    <subfield code="b">BCEJYS</subfield>
    <subfield code="c">17</subfield>
    <subfield code="d">1978-03-01</subfield>
    <subfield code="h">Vol. 15, N&#xBA; 1 - mar. 1978</subfield>
    <subfield code="l">0</subfield>
    <subfield code="o">H330 FIN v15.n1</subfield>
    <subfield code="p">R07902</subfield>
    <subfield code="r">2026-04-10 16:07:41</subfield>
    <subfield code="w">2026-04-10</subfield>
    <subfield code="y">RN</subfield>
  </datafield>
  <datafield tag="952" ind1=" " ind2=" ">
    <subfield code="0">0</subfield>
    <subfield code="1">0</subfield>
    <subfield code="4">0</subfield>
    <subfield code="7">0</subfield>
    <subfield code="a">BCEJYS</subfield>
    <subfield code="b">BCEJYS</subfield>
    <subfield code="c">17</subfield>
    <subfield code="d">1977-12-01</subfield>
    <subfield code="h">Vol. 14, N&#xBA; 4 - dic. 1977</subfield>
    <subfield code="l">0</subfield>
    <subfield code="o">H330 FIN v14.n4</subfield>
    <subfield code="p">R07901</subfield>
    <subfield code="r">2026-04-10 16:07:41</subfield>
    <subfield code="w">2026-04-10</subfield>
    <subfield code="y">RN</subfield>
  </datafield>
  <datafield tag="952" ind1=" " ind2=" ">
    <subfield code="0">0</subfield>
    <subfield code="1">0</subfield>
    <subfield code="4">0</subfield>
    <subfield code="7">0</subfield>
    <subfield code="a">BCEJYS</subfield>
    <subfield code="b">BCEJYS</subfield>
    <subfield code="c">17</subfield>
    <subfield code="d">1977-09-01</subfield>
    <subfield code="h">Vol. 14, N&#xBA; 3 - sep. 1977</subfield>
    <subfield code="l">0</subfield>
    <subfield code="o">H330 FIN v14.n3</subfield>
    <subfield code="p">R07900</subfield>
    <subfield code="r">2026-04-10 16:07:41</subfield>
    <subfield code="w">2026-04-10</subfield>
    <subfield code="y">RN</subfield>
  </datafield>
  <datafield tag="952" ind1=" " ind2=" ">
    <subfield code="0">0</subfield>
    <subfield code="1">0</subfield>
    <subfield code="4">0</subfield>
    <subfield code="7">0</subfield>
    <subfield code="a">BCEJYS</subfield>
    <subfield code="b">BCEJYS</subfield>
    <subfield code="c">17</subfield>
    <subfield code="d">1977-06-01</subfield>
    <subfield code="h">Vol. 14, N&#xBA; 2 - jun. 1977</subfield>
    <subfield code="l">0</subfield>
    <subfield code="o">H330 FIN v14.n2</subfield>
    <subfield code="p">R07899</subfield>
    <subfield code="r">2026-04-10 16:07:41</subfield>
    <subfield code="w">2026-04-10</subfield>
    <subfield code="y">RN</subfield>
  </datafield>
  <datafield tag="952" ind1=" " ind2=" ">
    <subfield code="0">0</subfield>
    <subfield code="1">0</subfield>
    <subfield code="4">0</subfield>
    <subfield code="7">0</subfield>
    <subfield code="a">BCEJYS</subfield>
    <subfield code="b">BCEJYS</subfield>
    <subfield code="c">17</subfield>
    <subfield code="d">1977-03-01</subfield>
    <subfield code="h">Vol. 14, N&#xBA; 1 - mar. 1977</subfield>
    <subfield code="l">0</subfield>
    <subfield code="o">H330 FIN v14.n1</subfield>
    <subfield code="p">R07898</subfield>
    <subfield code="r">2026-04-10 16:07:41</subfield>
    <subfield code="w">2026-04-10</subfield>
    <subfield code="y">RN</subfield>
  </datafield>
  <datafield tag="952" ind1=" " ind2=" ">
    <subfield code="0">0</subfield>
    <subfield code="1">0</subfield>
    <subfield code="4">0</subfield>
    <subfield code="7">0</subfield>
    <subfield code="a">BCEJYS</subfield>
    <subfield code="b">BCEJYS</subfield>
    <subfield code="c">17</subfield>
    <subfield code="d">1976-12-01</subfield>
    <subfield code="h">Vol. 13, N&#xBA; 4 - dic. 1976</subfield>
    <subfield code="l">0</subfield>
    <subfield code="o">H330 FIN v13.n4</subfield>
    <subfield code="p">R07897</subfield>
    <subfield code="r">2026-04-10 16:07:41</subfield>
    <subfield code="w">2026-04-10</subfield>
    <subfield code="y">RN</subfield>
  </datafield>
  <datafield tag="952" ind1=" " ind2=" ">
    <subfield code="0">0</subfield>
    <subfield code="1">0</subfield>
    <subfield code="4">0</subfield>
    <subfield code="7">0</subfield>
    <subfield code="a">BCEJYS</subfield>
    <subfield code="b">BCEJYS</subfield>
    <subfield code="c">17</subfield>
    <subfield code="d">1976-09-01</subfield>
    <subfield code="h">Vol. 13, N&#xBA; 3 - sep. 1976</subfield>
    <subfield code="l">0</subfield>
    <subfield code="o">H330 FIN v13.n3</subfield>
    <subfield code="p">R07896</subfield>
    <subfield code="r">2026-04-10 16:07:41</subfield>
    <subfield code="w">2026-04-10</subfield>
    <subfield code="y">RN</subfield>
  </datafield>
  <datafield tag="952" ind1=" " ind2=" ">
    <subfield code="0">0</subfield>
    <subfield code="1">0</subfield>
    <subfield code="4">0</subfield>
    <subfield code="7">0</subfield>
    <subfield code="a">BCEJYS</subfield>
    <subfield code="b">BCEJYS</subfield>
    <subfield code="c">17</subfield>
    <subfield code="d">1976-06-01</subfield>
    <subfield code="h">Vol. 13, N&#xBA; 2 - jun. 1976</subfield>
    <subfield code="l">0</subfield>
    <subfield code="o">H330 FIN v13.n2</subfield>
    <subfield code="p">R07895</subfield>
    <subfield code="r">2026-04-10 16:07:41</subfield>
    <subfield code="w">2026-04-10</subfield>
    <subfield code="y">RN</subfield>
  </datafield>
  <datafield tag="952" ind1=" " ind2=" ">
    <subfield code="0">0</subfield>
    <subfield code="1">0</subfield>
    <subfield code="4">0</subfield>
    <subfield code="7">0</subfield>
    <subfield code="a">BCEJYS</subfield>
    <subfield code="b">BCEJYS</subfield>
    <subfield code="c">17</subfield>
    <subfield code="d">1975-12-01</subfield>
    <subfield code="h">Vol. 12, N&#xBA; 4 - dic. 1975</subfield>
    <subfield code="l">0</subfield>
    <subfield code="o">H330 FIN v12.n4</subfield>
    <subfield code="p">R07894</subfield>
    <subfield code="r">2026-04-10 16:07:41</subfield>
    <subfield code="w">2026-04-10</subfield>
    <subfield code="y">RN</subfield>
  </datafield>
  <datafield tag="952" ind1=" " ind2=" ">
    <subfield code="0">0</subfield>
    <subfield code="1">0</subfield>
    <subfield code="4">0</subfield>
    <subfield code="7">0</subfield>
    <subfield code="a">BCEJYS</subfield>
    <subfield code="b">BCEJYS</subfield>
    <subfield code="c">17</subfield>
    <subfield code="d">1975-09-01</subfield>
    <subfield code="h">Vol. 12, N&#xBA; 3 - sep. 1975</subfield>
    <subfield code="l">0</subfield>
    <subfield code="o">H330 FIN v12.n3</subfield>
    <subfield code="p">R07892</subfield>
    <subfield code="r">2026-04-10 16:07:41</subfield>
    <subfield code="w">2026-04-10</subfield>
    <subfield code="y">RN</subfield>
  </datafield>
  <datafield tag="952" ind1=" " ind2=" ">
    <subfield code="0">0</subfield>
    <subfield code="1">0</subfield>
    <subfield code="4">0</subfield>
    <subfield code="7">0</subfield>
    <subfield code="a">BCEJYS</subfield>
    <subfield code="b">BCEJYS</subfield>
    <subfield code="c">17</subfield>
    <subfield code="d">1975-06-01</subfield>
    <subfield code="h">Vol. 12, N&#xBA; 2 - jun. 1975</subfield>
    <subfield code="l">0</subfield>
    <subfield code="o">H330 FIN v12.n2</subfield>
    <subfield code="p">R07891</subfield>
    <subfield code="r">2026-04-10 16:07:41</subfield>
    <subfield code="w">2026-04-10</subfield>
    <subfield code="y">RN</subfield>
  </datafield>
  <datafield tag="952" ind1=" " ind2=" ">
    <subfield code="0">0</subfield>
    <subfield code="1">0</subfield>
    <subfield code="4">0</subfield>
    <subfield code="7">0</subfield>
    <subfield code="a">BCEJYS</subfield>
    <subfield code="b">BCEJYS</subfield>
    <subfield code="c">17</subfield>
    <subfield code="d">1975-03-01</subfield>
    <subfield code="h">Vol. 12, N&#xBA; 1 - mar. 1975</subfield>
    <subfield code="l">0</subfield>
    <subfield code="o">H330 FIN v12.n1</subfield>
    <subfield code="p">R07890</subfield>
    <subfield code="r">2026-04-10 16:07:41</subfield>
    <subfield code="w">2026-04-10</subfield>
    <subfield code="y">RN</subfield>
  </datafield>
  <datafield tag="952" ind1=" " ind2=" ">
    <subfield code="0">0</subfield>
    <subfield code="1">0</subfield>
    <subfield code="4">0</subfield>
    <subfield code="7">0</subfield>
    <subfield code="a">BCEJYS</subfield>
    <subfield code="b">BCEJYS</subfield>
    <subfield code="c">17</subfield>
    <subfield code="d">1974-12-01</subfield>
    <subfield code="h">Vol. 11, N&#xBA; 4 - dic. 1974</subfield>
    <subfield code="l">0</subfield>
    <subfield code="o">H330 FIN v11.n4</subfield>
    <subfield code="p">R07889</subfield>
    <subfield code="r">2026-04-10 16:07:41</subfield>
    <subfield code="w">2026-04-10</subfield>
    <subfield code="y">RN</subfield>
  </datafield>
  <datafield tag="952" ind1=" " ind2=" ">
    <subfield code="0">0</subfield>
    <subfield code="1">0</subfield>
    <subfield code="4">0</subfield>
    <subfield code="7">0</subfield>
    <subfield code="a">BCEJYS</subfield>
    <subfield code="b">BCEJYS</subfield>
    <subfield code="c">17</subfield>
    <subfield code="d">1974-09-01</subfield>
    <subfield code="h">Vol. 11, N&#xBA; 3 - sep. 1974</subfield>
    <subfield code="l">0</subfield>
    <subfield code="o">H330 FIN v11.n3</subfield>
    <subfield code="p">R07888</subfield>
    <subfield code="r">2026-04-10 16:07:41</subfield>
    <subfield code="w">2026-04-10</subfield>
    <subfield code="y">RN</subfield>
  </datafield>
  <datafield tag="952" ind1=" " ind2=" ">
    <subfield code="0">0</subfield>
    <subfield code="1">0</subfield>
    <subfield code="4">0</subfield>
    <subfield code="7">0</subfield>
    <subfield code="a">BCEJYS</subfield>
    <subfield code="b">BCEJYS</subfield>
    <subfield code="c">17</subfield>
    <subfield code="d">1974-06-01</subfield>
    <subfield code="h">Vol. 11, N&#xBA; 2 - jun. 1974</subfield>
    <subfield code="l">0</subfield>
    <subfield code="o">H330 FIN v11.n2</subfield>
    <subfield code="p">R07887</subfield>
    <subfield code="r">2026-04-10 16:07:41</subfield>
    <subfield code="w">2026-04-10</subfield>
    <subfield code="y">RN</subfield>
  </datafield>
  <datafield tag="952" ind1=" " ind2=" ">
    <subfield code="0">0</subfield>
    <subfield code="1">0</subfield>
    <subfield code="4">0</subfield>
    <subfield code="7">0</subfield>
    <subfield code="a">BCEJYS</subfield>
    <subfield code="b">BCEJYS</subfield>
    <subfield code="c">17</subfield>
    <subfield code="d">1974-03-01</subfield>
    <subfield code="h">Vol. 11, N&#xBA; 1 - mar. 1974</subfield>
    <subfield code="l">0</subfield>
    <subfield code="o">H330 FIN v11.n1</subfield>
    <subfield code="p">R07886</subfield>
    <subfield code="r">2026-04-10 16:07:41</subfield>
    <subfield code="w">2026-04-10</subfield>
    <subfield code="y">RN</subfield>
  </datafield>
  <datafield tag="952" ind1=" " ind2=" ">
    <subfield code="0">0</subfield>
    <subfield code="1">0</subfield>
    <subfield code="4">0</subfield>
    <subfield code="7">0</subfield>
    <subfield code="a">BCEJYS</subfield>
    <subfield code="b">BCEJYS</subfield>
    <subfield code="c">17</subfield>
    <subfield code="d">1973-12-01</subfield>
    <subfield code="h">Vol. 10, N&#xBA; 4 - dic. 1973</subfield>
    <subfield code="l">0</subfield>
    <subfield code="o">H330 FIN v10.n4</subfield>
    <subfield code="p">R07885</subfield>
    <subfield code="r">2026-04-10 16:07:41</subfield>
    <subfield code="w">2026-04-10</subfield>
    <subfield code="y">RN</subfield>
  </datafield>
  <datafield tag="952" ind1=" " ind2=" ">
    <subfield code="0">0</subfield>
    <subfield code="1">0</subfield>
    <subfield code="4">0</subfield>
    <subfield code="7">0</subfield>
    <subfield code="a">BCEJYS</subfield>
    <subfield code="b">BCEJYS</subfield>
    <subfield code="c">17</subfield>
    <subfield code="d">1973-09-01</subfield>
    <subfield code="h">Vol. 10, N&#xBA; 3 - sep. 1973</subfield>
    <subfield code="l">0</subfield>
    <subfield code="o">H330 FIN v10.n3</subfield>
    <subfield code="p">R07884</subfield>
    <subfield code="r">2026-04-10 16:07:41</subfield>
    <subfield code="w">2026-04-10</subfield>
    <subfield code="y">RN</subfield>
  </datafield>
  <datafield tag="952" ind1=" " ind2=" ">
    <subfield code="0">0</subfield>
    <subfield code="1">0</subfield>
    <subfield code="4">0</subfield>
    <subfield code="7">0</subfield>
    <subfield code="a">BCEJYS</subfield>
    <subfield code="b">BCEJYS</subfield>
    <subfield code="c">17</subfield>
    <subfield code="d">1973-06-01</subfield>
    <subfield code="h">Vol. 10, N&#xBA; 2 - jun. 1973</subfield>
    <subfield code="l">0</subfield>
    <subfield code="o">H330 FIN v10.n2</subfield>
    <subfield code="p">R07883</subfield>
    <subfield code="r">2026-04-10 16:07:41</subfield>
    <subfield code="w">2026-04-10</subfield>
    <subfield code="y">RN</subfield>
  </datafield>
  <datafield tag="952" ind1=" " ind2=" ">
    <subfield code="0">0</subfield>
    <subfield code="1">0</subfield>
    <subfield code="4">0</subfield>
    <subfield code="7">0</subfield>
    <subfield code="a">BCEJYS</subfield>
    <subfield code="b">BCEJYS</subfield>
    <subfield code="c">17</subfield>
    <subfield code="d">1973-03-01</subfield>
    <subfield code="h">Vol. 10, N&#xBA; 1 - mar. 1973</subfield>
    <subfield code="l">0</subfield>
    <subfield code="o">H330 FIN v10.n1</subfield>
    <subfield code="p">R07882</subfield>
    <subfield code="r">2026-04-10 16:07:42</subfield>
    <subfield code="w">2026-04-10</subfield>
    <subfield code="y">RN</subfield>
  </datafield>
  <datafield tag="952" ind1=" " ind2=" ">
    <subfield code="0">0</subfield>
    <subfield code="1">0</subfield>
    <subfield code="4">0</subfield>
    <subfield code="7">0</subfield>
    <subfield code="a">BCEJYS</subfield>
    <subfield code="b">BCEJYS</subfield>
    <subfield code="c">17</subfield>
    <subfield code="d">1972-12-01</subfield>
    <subfield code="h">Vol. 9, N&#xBA; 4 - dic. 1972</subfield>
    <subfield code="l">0</subfield>
    <subfield code="o">H330 FIN v9.n4</subfield>
    <subfield code="p">R07881</subfield>
    <subfield code="r">2026-04-10 16:07:42</subfield>
    <subfield code="w">2026-04-10</subfield>
    <subfield code="y">RN</subfield>
  </datafield>
  <datafield tag="952" ind1=" " ind2=" ">
    <subfield code="0">0</subfield>
    <subfield code="1">0</subfield>
    <subfield code="4">0</subfield>
    <subfield code="7">0</subfield>
    <subfield code="a">BCEJYS</subfield>
    <subfield code="b">BCEJYS</subfield>
    <subfield code="c">17</subfield>
    <subfield code="d">1972-09-01</subfield>
    <subfield code="h">Vol. 9, N&#xBA; 3 - sep. 1972</subfield>
    <subfield code="l">0</subfield>
    <subfield code="o">H330 FIN v9.n3</subfield>
    <subfield code="p">R07880</subfield>
    <subfield code="r">2026-04-10 16:07:42</subfield>
    <subfield code="w">2026-04-10</subfield>
    <subfield code="y">RN</subfield>
  </datafield>
  <datafield tag="952" ind1=" " ind2=" ">
    <subfield code="0">0</subfield>
    <subfield code="1">0</subfield>
    <subfield code="4">0</subfield>
    <subfield code="7">0</subfield>
    <subfield code="a">BCEJYS</subfield>
    <subfield code="b">BCEJYS</subfield>
    <subfield code="c">17</subfield>
    <subfield code="d">1972-06-01</subfield>
    <subfield code="h">Vol. 9, N&#xBA; 2 - jun. 1972</subfield>
    <subfield code="l">0</subfield>
    <subfield code="o">H330 FIN v9.n2</subfield>
    <subfield code="p">R07879</subfield>
    <subfield code="r">2026-04-10 16:07:42</subfield>
    <subfield code="w">2026-04-10</subfield>
    <subfield code="y">RN</subfield>
  </datafield>
  <datafield tag="952" ind1=" " ind2=" ">
    <subfield code="0">0</subfield>
    <subfield code="1">0</subfield>
    <subfield code="4">0</subfield>
    <subfield code="7">0</subfield>
    <subfield code="a">BCEJYS</subfield>
    <subfield code="b">BCEJYS</subfield>
    <subfield code="c">17</subfield>
    <subfield code="d">1972-03-01</subfield>
    <subfield code="h">Vol. 9, N&#xBA; 1 - mar. 1972</subfield>
    <subfield code="l">0</subfield>
    <subfield code="o">H330 FIN v9.n1</subfield>
    <subfield code="p">R07878</subfield>
    <subfield code="r">2026-04-10 16:07:42</subfield>
    <subfield code="w">2026-04-10</subfield>
    <subfield code="y">RN</subfield>
  </datafield>
  <datafield tag="952" ind1=" " ind2=" ">
    <subfield code="0">0</subfield>
    <subfield code="1">0</subfield>
    <subfield code="4">0</subfield>
    <subfield code="7">0</subfield>
    <subfield code="a">BCEJYS</subfield>
    <subfield code="b">BCEJYS</subfield>
    <subfield code="c">17</subfield>
    <subfield code="d">1971-12-01</subfield>
    <subfield code="h">Vol. 8, N&#xBA; 4 - dic. 1971</subfield>
    <subfield code="l">0</subfield>
    <subfield code="o">H330 FIN v8.n4</subfield>
    <subfield code="p">R07877</subfield>
    <subfield code="r">2026-04-10 16:07:42</subfield>
    <subfield code="w">2026-04-10</subfield>
    <subfield code="y">RN</subfield>
  </datafield>
  <datafield tag="952" ind1=" " ind2=" ">
    <subfield code="0">0</subfield>
    <subfield code="1">0</subfield>
    <subfield code="4">0</subfield>
    <subfield code="7">0</subfield>
    <subfield code="a">BCEJYS</subfield>
    <subfield code="b">BCEJYS</subfield>
    <subfield code="c">17</subfield>
    <subfield code="d">1971-09-01</subfield>
    <subfield code="h">Vol. 8, N&#xBA; 3 - sep. 1971</subfield>
    <subfield code="l">0</subfield>
    <subfield code="o">H330 FIN v8.n3</subfield>
    <subfield code="p">R07876</subfield>
    <subfield code="r">2026-04-10 16:07:42</subfield>
    <subfield code="w">2026-04-10</subfield>
    <subfield code="y">RN</subfield>
  </datafield>
  <datafield tag="952" ind1=" " ind2=" ">
    <subfield code="0">0</subfield>
    <subfield code="1">0</subfield>
    <subfield code="4">0</subfield>
    <subfield code="7">0</subfield>
    <subfield code="a">BCEJYS</subfield>
    <subfield code="b">BCEJYS</subfield>
    <subfield code="c">17</subfield>
    <subfield code="d">1971-06-01</subfield>
    <subfield code="h">Vol. 8, N&#xBA; 2 - jun. 1971</subfield>
    <subfield code="l">0</subfield>
    <subfield code="o">H330 FIN v8.n2</subfield>
    <subfield code="p">R07875</subfield>
    <subfield code="r">2026-04-10 16:07:42</subfield>
    <subfield code="w">2026-04-10</subfield>
    <subfield code="y">RN</subfield>
  </datafield>
  <datafield tag="952" ind1=" " ind2=" ">
    <subfield code="0">0</subfield>
    <subfield code="1">0</subfield>
    <subfield code="4">0</subfield>
    <subfield code="7">0</subfield>
    <subfield code="a">BCEJYS</subfield>
    <subfield code="b">BCEJYS</subfield>
    <subfield code="c">17</subfield>
    <subfield code="d">1971-03-01</subfield>
    <subfield code="h">Vol. 8, N&#xBA; 1 - mar. 1971</subfield>
    <subfield code="l">0</subfield>
    <subfield code="o">H330 FIN v8.n1</subfield>
    <subfield code="p">R07874</subfield>
    <subfield code="r">2026-04-10 16:07:42</subfield>
    <subfield code="w">2026-04-10</subfield>
    <subfield code="y">RN</subfield>
  </datafield>
  <datafield tag="952" ind1=" " ind2=" ">
    <subfield code="0">0</subfield>
    <subfield code="1">0</subfield>
    <subfield code="4">0</subfield>
    <subfield code="7">0</subfield>
    <subfield code="a">BCEJYS</subfield>
    <subfield code="b">BCEJYS</subfield>
    <subfield code="c">17</subfield>
    <subfield code="d">1970-09-01</subfield>
    <subfield code="h">Vol. 7, N&#xBA; 3 - sep. 1970</subfield>
    <subfield code="l">0</subfield>
    <subfield code="o">H330 FIN v7.n3</subfield>
    <subfield code="p">R07873</subfield>
    <subfield code="r">2026-04-10 16:07:42</subfield>
    <subfield code="w">2026-04-10</subfield>
    <subfield code="y">RN</subfield>
  </datafield>
  <datafield tag="952" ind1=" " ind2=" ">
    <subfield code="0">0</subfield>
    <subfield code="1">0</subfield>
    <subfield code="4">0</subfield>
    <subfield code="7">0</subfield>
    <subfield code="a">BCEJYS</subfield>
    <subfield code="b">BCEJYS</subfield>
    <subfield code="c">17</subfield>
    <subfield code="d">1970-06-01</subfield>
    <subfield code="h">Vol. 7, N&#xBA; 2 - jun. 1970</subfield>
    <subfield code="l">0</subfield>
    <subfield code="o">H330 FIN v7.n2</subfield>
    <subfield code="p">R07872</subfield>
    <subfield code="r">2026-04-10 16:07:42</subfield>
    <subfield code="w">2026-04-10</subfield>
    <subfield code="y">RN</subfield>
  </datafield>
  <datafield tag="952" ind1=" " ind2=" ">
    <subfield code="0">0</subfield>
    <subfield code="1">0</subfield>
    <subfield code="4">0</subfield>
    <subfield code="7">0</subfield>
    <subfield code="a">BCEJYS</subfield>
    <subfield code="b">BCEJYS</subfield>
    <subfield code="c">17</subfield>
    <subfield code="d">1970-03-01</subfield>
    <subfield code="h">Vol. 7, N&#xBA; 1 - mar. 1970</subfield>
    <subfield code="l">0</subfield>
    <subfield code="o">H330 FIN v7.n1</subfield>
    <subfield code="p">R07871</subfield>
    <subfield code="r">2026-04-10 16:07:42</subfield>
    <subfield code="w">2026-04-10</subfield>
    <subfield code="y">RN</subfield>
  </datafield>
  <datafield tag="952" ind1=" " ind2=" ">
    <subfield code="0">0</subfield>
    <subfield code="1">0</subfield>
    <subfield code="4">0</subfield>
    <subfield code="7">0</subfield>
    <subfield code="a">BCEJYS</subfield>
    <subfield code="b">BCEJYS</subfield>
    <subfield code="c">17</subfield>
    <subfield code="d">1969-06-01</subfield>
    <subfield code="h">Vol. 6, N&#xBA; 2 - jun. 1969</subfield>
    <subfield code="l">0</subfield>
    <subfield code="o">H330 FIN v6.n2</subfield>
    <subfield code="p">R07868</subfield>
    <subfield code="r">2026-04-10 16:07:42</subfield>
    <subfield code="w">2026-04-10</subfield>
    <subfield code="y">RN</subfield>
  </datafield>
</record>
